{"text_format":"3","workbook":"xls","n_sheets":3,"sheets":["投标总价","工程项目总价表","分组工程量清单计价表"],"not_rendered":{"external_links":1,"defined_names":1},"read":"whole","date_system":"1900","formulas":"cached_only"}

{"sheet":"投标总价","index":0,"n_rows":22,"n_cols":8,"rows_kept":22,"merged":[[2,0,2,8],[15,0,15,8],[21,4,21,6]],"flags":["formulas_cached_only"]}
[]
[]
["投  标  总  价"]
{"$rows_empty":12}
["瑞金市陈石灌区中迳水库加固及灌区改造工程"]
[]
[{"$nulls":3},"合同编号:","2015-RJS-SKGQ-SG "]
[]
["           投标总价人民币(大写):"]
[]
[{"$nulls":3},"(￥）：",{"$nulls":3},"元"]

{"sheet":"工程项目总价表","index":1,"n_rows":12,"n_cols":4,"rows_kept":12,"merged":[[0,0,0,3],[1,0,1,3],[2,0,2,3],[3,0,3,3],[13,0,13,3],[14,0,14,3],[15,2,15,3]],"flags":["formulas_cached_only"]}
["工程项目总价表"]
["合同编号:2015-RJS-SKGQ-SG "]
["工程名称:瑞金市陈石灌区中迳水库加固及灌区改造工程"]
["说明：\n1、下表中组号为99的行固定为暂列金行，组号为100的行固定为总计行，请不要更改这两行用途。\n2、下表中组号为99的行以上的行，组号请分别和分组工程量清单计价表中的一级序号保持一致，且各行间不能有空白行。\n如不按照上述2点填写，将无法正确导入。\n3、Excel表中所有数字要求只保留两位小数，所有的金额均以元为单位。"]
["组号","项目名称","金额(元)","备注"]
[1,"第一部分  陈石干渠工程"]
[2,"第二部分  中迳水库加固工程"]
[3,"第三部分  设备购置及安装工程"]
[4,"第四部分  金属结构设备及安装工程"]
[5,"第五部分  施工临时工程"]
[99,"备用金（暂列金）",480000,"金额"]
[100,"总计:",null,"100=1+2+3+…+99"]

{"sheet":"分组工程量清单计价表","index":2,"n_rows":1063,"n_cols":10,"rows_kept":1063,"merged":[[0,0,0,7],[1,0,1,7],[2,0,2,7]],"flags":["formulas_cached_only"]}
["分组工程量清单计算表"]
["合同编号:2015-RJS-SKGQ-SG  "]
["工程名称:瑞金市陈石灌区中迳水库加固及灌区改造工程"]
["序号","项目编码","工程名称","计量单位","工程数量","单价(元)","合价(元)","备注"]
[1,null,"第一部分  陈石干渠工程",""]
[1.1,null,"陈西总干渠工程"]
["1.1.1",null,"陈西总干渠工程(0.47km)",""]
["1.1.1.1",500109001001,"人工砍伐灌木林","m2",{"v":2106,"d":"2106.00"}]
["1.1.1.2",500109001002,"渠道土方开挖","m3",{"v":3,"d":"3.00"}]
["1.1.1.3",500109001003,"土方回填","m3",127.02,19.77,null,"控制单价"]
["1.1.1.4",500109001004,"拆除浆砌石","m3",284.68]
["1.1.1.5",500109001005,"砼衬砌拆除","m3",1461.01]
["1.1.1.6",500109001006,"C20砼底板","m3",238.68]
["1.1.1.7",500109001007,"砂砾石垫层","m3",154.35]
["1.1.1.8",500109001008,"C20砼边墙","m3",358.96,402.35,null,"控制单价"]
["1.1.1.9",500109001009,"渠道模板","m2",2049.84,56.73,null,"控制单价"]
["1.1.1.10",500109001010,"沥青杉板伸缩缝","m2",119.81]
["1.1.1.11",500109001011,"渡槽M20砂浆防水","m2",{"v":52,"d":"52.00"}]
["1.1.2",null,"人工二次运输(100m)",""]
["1.1.2.1",500109001012,"砂砾石（100m)","m3",154.35]
["1.1.2.2",500109001013,"砼（100m)","m3",597.45]
["1.1.3",null,"闸门工程(4座)"]
["1.1.3.1",500109001014,"拆除浆砌石 ","m3",{"v":18.5,"d":"18.50"}]
["1.1.3.2",500109001015,"扭面C25砼","m3",12.84]
["1.1.3.3",500109001016,"闸室C25砼 ","m3",23.97]
["1.1.3.4",500109001017,"机架桥C25砼","m3",2.58]
["1.1.3.5",500109001018,"钢筋制作安装","t",0.53]
["1.1.3.6",500109001019,"爬梯钢筋制作安装 ","t",0.02]
["1.1.3.7",500109001020,"栏杆扶手","m",{"v":19.2,"d":"19.20"}]
["1.1.3.8",500109001021,"检修桥C25砼 ","m3",1.44]
["1.1.4",null,"陈西总干渠排洪闸工程",""]
["1.1.4.1",500109001022,"拆除浆砌石 ","m3",34.32]
["1.1.4.2",500109001023,"闸室C25砼 ","m3",17.71]
["1.1.4.3",500109001024,"机架桥C25砼 ","m3",2.58]
["1.1.4.4",500109001025,"检修桥C25砼 ","m3",1.44]
["1.1.4.5",500109001026,"钢筋制作安装 ","t",0.53]
["1.1.4.6",500109001027,"爬梯钢筋制作安装 ","t",0.02]
["1.1.4.7",500109001028,"栏杆扶手","m",{"v":19.2,"d":"19.20"}]
["1.1.5",null,"排洪渠及消力池工程",""]
["1.1.5.1",500109001029,"砍伐灌木林","m2",{"v":162,"d":"162.00"}]
["1.1.5.2",500109001030,"土方开挖 ","m3",{"v":248,"d":"248.00"}]
["1.1.5.3",500109001031,"M7.5浆砌石挡土墙","m3",65.84]
["1.1.5.4",500109001032,"M10水泥砂浆抹面","m2",{"v":92,"d":"92.00"}]
["1.1.5.5",500109001033,"砂卵石反滤料","m3",7.68]
["1.1.5.6",500109001034,"模板制安","m2",5.25,89.06,null,"控制单价"]
["1.1.5.7",500109001035,"沥青衫板伸缩缝 ","m2",2.25]
["1.1.5.8",500109001036,"C25砼底板","m3",16.88]
["1.1.5.9",500109001037,"Φ50mm排水孔","m",{"v":20,"d":"20.00"}]
["1.1.5.10",500109001038,"消力池钢筋制安 ","t",0.94]
["1.1.6",null,"排沙桥工程(3座)"]
["1.1.6.1",500109001039,"土方开挖 ","m3",114.14]
["1.1.6.2",500109001040,"C20砼进水口拦水墙 ","m3",75.89]
["1.1.6.3",500109001041,"C20砼排砂槽","m3",10.53]
["1.1.6.4",500109001042,"C20砼消力池","m3",13.25]
["1.1.6.5",500109001043,"模板制安","m2",343.92,56.73,null,"控制单价"]
["1.1.6.6",500109001044,"钢筋制安 ","t",0.65]
["1.1.6.7",500109001045,"C20砼人行道","m3",0.93]
["1.1.6.8",500109001046,"钢筋制安 ","t",0.03]
["1.1.7",null,"人行桥板(1座)"]
["1.1.7.1",500109001047,"C20砼桥板","m3",0.45]
["1.1.7.2",500109001048,"钢筋制安 ","t",0.04]
["1.1.7.3",500109001049,"模板制安 ","m2",{"v":4.2,"d":"4.20"},48.78,null,"控制单价"]
[1.2,null,"陈西干渠工程"]
["1.2.1",null,"陈西干渠工程(谢排)(2.5km)",""]
["1.2.1.1",500109001050,"人工砍伐灌木林","m2",{"v":4978,"d":"4978.00"}]
["1.2.1.2",500109001051,"渠道土方开挖","m3",2617.35]
["1.2.1.3",500109001052,"土方回填","m3",{"v":94.3,"d":"94.30"},19.77,null,"控制单价"]
["1.2.1.4",500109001053,"拆除砼","m3",{"v":175,"d":"175.00"}]
["1.2.1.5",500109001054,"C20砼底板","m3",291.92]
["1.2.1.6",500109001055,"砂砾石垫层","m3",269.46]
["1.2.1.7",500109001056,"C20砼边墙","m3",1082.34,402.35,null,"控制单价"]
["1.2.1.8",500109001057,"渠道模板","m2",5530.71,56.73,null,"控制单价"]
["1.2.1.9",500109001058,"沥青杉板伸缩缝","m2",274.85]
["1.2.1.10",500109001059,"浆砌块石","m3",{"v":450,"d":"450.00"}]
["1.2.1.11",500109001060,"Φ1000圆涵","m",{"v":4,"d":"4.00"}]
["1.2.1.12",500109001061,"Φ800圆涵","m",{"v":4,"d":"4.00"}]
["1.2.1.13",500109001062,"Φ300圆涵","m",{"v":5,"d":"5.00"}]
["1.2.1.14",500109001063,"Φ200圆涵","m",{"v":5,"d":"5.00"}]
["1.2.2",null,"人工二次运输(150m)",""]
["1.2.2.1",500109001064,"砂砾石（150m)","m3",269.46]
["1.2.2.2",500109001065,"砼（150m)","m3",1374.26]
["1.2.2.3",500109001066,"浆砌石(150m)","m3",{"v":450,"d":"450.00"}]
["1.2.3",null,"西干渠桩号20+183-20+308",""]
["1.2.3.1",500109001067,"土方开挖 ","m3",589.06]
["1.2.3.2",500109001068,"C25砼暗涵 ","m3",156.25]
["1.2.3.3",500109001069,"钢筋制作安装 ","t",{"v":4.5,"d":"4.50"}]
["1.2.3.4",500109001070,"盖板C25砼 ","m3",{"v":45,"d":"45.00"}]
["1.2.3.5",500109001071,"涵洞模板制安 ","m2",{"v":775,"d":"775.00"},67.71,null,"控制单价"]
["1.2.3.6",500109001072,"沥青砂板 ","m2",{"v":115,"d":"115.00"}]
["1.2.4",null,"西干渠桩号18+970-19+400",""]
["1.2.4.1",500109001073,"土方开挖 ","m3",2026.38]
["1.2.4.2",500109001074,"C25砼暗涵 ","m3",{"v":537.5,"d":"537.50"}]
["1.2.4.3",500109001075,"钢筋制作安装 ","t",15.48]
["1.2.4.4",500109001076,"盖板C25砼 ","m3",{"v":154.8,"d":"154.80"}]
["1.2.4.5",500109001077,"涵洞模板制安 ","m2",{"v":2666,"d":"2666.00"},67.71,null,"控制单价"]
["1.2.4.6",500109001078,"沥青砂板 ","m2",{"v":115,"d":"115.00"}]
["1.2.5",null,"人行桥板(11座)"]
["1.2.5.1",500109001079,"C20砼桥板","m3",2.48]
["1.2.5.2",500109001080,"钢筋制安 ","t",{"v":0.2,"d":"0.20"}]
["1.2.5.3",500109001081,"模板制安 ","m2",24.75,48.78,null,"控制单价"]
["1.2.6",null,"洗衣台(5座)"]
["1.2.6.1",500109001082,"洗衣台C20砼","m3",6.78]
["1.2.6.2",500109001083,"模板制安 ","m2",{"v":24.6,"d":"24.60"},48.78,null,"控制单价"]
[1.3,null,"陈高干渠工程"]
["1.3.1",null,"陈高干渠(2.3km)",""]
["1.3.1.1",500109001084,"人工砍伐灌木林","m2",{"v":7520,"d":"7520.00"}]
["1.3.1.2",500109001085,"渠道土方开挖","m3",217.56]
["1.3.1.3",500109001086,"土方回填","m3",506.12,19.77,null,"控制单价"]
["1.3.1.4",500109001087,"渠道开挖石方","m3",843.38]
["1.3.1.5",500109001088,"砼衬砌拆除","m3",513.52]
["1.3.1.6",500109001089,"拆除浆砌石","m3",266.64]
["1.3.1.7",500109001090,"C20砼底板","m3",491.43]
["1.3.1.8",500109001091,"砂砾石垫层","m3",372.81]
["1.3.1.9",500109001092,"C20砼边墙","m3",1199.78,402.35,null,"控制单价"]
["1.3.1.10",500109001093,"渠道模板","m2",6700.45,56.73,null,"控制单价"]
["1.3.1.11",500109001094,"沥青杉板伸缩缝","m",338.24]
["1.3.1.12",500109001095,"浆砌块石","m3",{"v":147.9,"d":"147.90"}]
["1.3.2",null,"人工二次运输",""]
["1.3.2.1",500109001096,"砂砾石（300m)","m3",372.81]
["1.3.2.2",500109001097,"砼（300m)","m3",1691.21]
["1.3.2.3",500109001098,"块石(300m)","m3",{"v":147.9,"d":"147.90"}]
["1.3.3",null,"陈石高干渠(1#~9#)隧洞（740m）"]
["1.3.3.1",500109001099,"隧洞石方开挖 ","m3",{"v":1243.2,"d":"1243.20"}]
["1.3.3.2",500109001100,"隧洞C25砼衬砌 ","m3",1709.37]
["1.3.3.3",500109001101,"隧洞模板制安 ","m2",4061.36,73.38,null,"控制单价"]
["1.3.3.4",500109001102,"隧洞支撑 "," m",{"v":740,"d":"740.00"}]
["1.3.3.5",500109001103,"隧洞钢筋制作 ","t",107.63]
["1.3.3.6",500109001104,"沥青砂板 ","m2",389.18]
["1.3.4",null,"陈高干渠桩号0+182-0+240",""]
["1.3.4.1",500109001105,"土方开挖 ","m3",{"v":696,"d":"696.00"}]
["1.3.4.2",500109001106,"C25砼暗涵 ","m3",153.12]
["1.3.4.3",500109001107,"钢筋制作安装 ","t",15.31]
["1.3.4.4",500109001108,"爬梯钢筋制作安装 ","t",0.27]
["1.3.4.5",500109001109,"M7.5浆砌红砖墙 ","m3",{"v":4.7,"d":"4.70"}]
["1.3.4.6",500109001110,"M10砂浆砌抹面 ","m2",48.41]
["1.3.4.7",500109001111,"盖板C25砼 ","m3",0.77]
["1.3.4.8",500109001112,"涵洞模板制安 ","m2",{"v":603.2,"d":"603.20"},67.71,null,"控制单价"]
["1.3.4.9",500109001113,"沥青砂板 ","m2",{"v":92.4,"d":"92.40"}]
["1.3.5",null,"陈高干渠桩号0+326-0+337",""]
["1.3.5.1",500109001114,"土方开挖 ","m3",{"v":132,"d":"132.00"}]
["1.3.5.2",500109001115,"C25砼暗涵 ","m3",29.04]
["1.3.5.3",500109001116,"钢筋制作安装 ","t",{"v":2.9,"d":"2.90"}]
["1.3.5.4",500109001117,"爬梯钢筋制作安装 ","t",0.27]
["1.3.5.5",500109001118,"M7.5浆砌红砖墙 ","m3",{"v":4.7,"d":"4.70"}]
["1.3.5.6",500109001119,"M10砂浆砌抹面 ","m2",48.41]
["1.3.5.7",500109001120,"盖板C25砼 ","m3",0.77]
["1.3.5.8",500109001121,"涵洞模板制安 ","m2",{"v":114.4,"d":"114.40"},67.71,null,"控制单价"]
["1.3.5.9",500109001122,"沥青砂板 ","m2",{"v":92.4,"d":"92.40"}]
["1.3.6",null,"陈高干渠桩号2+236-2+357",""]
["1.3.6.1",500109001123,"土方开挖 ","m3",{"v":1452,"d":"1452.00"}]
["1.3.6.2",500109001124,"C25砼暗涵 ","m3",319.44]
["1.3.6.3",500109001125,"钢筋制作安装 ","t",31.94]
["1.3.6.4",500109001126,"爬梯钢筋制作安装 ","t",0.27]
["1.3.6.5",500109001127,"M7.5浆砌红砖墙 ","m3",{"v":4.7,"d":"4.70"}]
["1.3.6.6",500109001128,"M10砂浆砌抹面 ","m2",48.41]
["1.3.6.7",500109001129,"盖板C25砼 ","m3",0.77]
["1.3.6.8",500109001130,"涵洞模板制安 ","m2",{"v":1258.4,"d":"1258.40"},67.71,null,"控制单价"]
["1.3.6.9",500109001131,"沥青砂板 ","m2",{"v":92.4,"d":"92.40"}]
["1.3.7",null,"排沙桥工程(14座)"]
["1.3.7.1",500109001132,"土方开挖 ","m3",532.67]
["1.3.7.2",500109001133,"C20砼进水口拦水墙 ","m3",354.17]
["1.3.7.3",500109001134,"C20砼排砂槽","m3",49.14]
["1.3.7.4",500109001135,"C20砼消力池","m3",61.82]
["1.3.7.5",500109001136,"模板制安","m2",1604.96,56.73,null,"控制单价"]
["1.3.7.6",500109001137,"钢筋制安 ","t",3.03]
["1.3.7.7",500109001138,"C20砼人行道","m3",4.34]
["1.3.7.8",500109001139,"钢筋制安 ","t",0.15]
["1.3.8",null,"人行桥板(7座)"]
["1.3.8.1",500109001140,"C20砼桥板","m3",3.15]
["1.3.8.2",500109001141,"钢筋制安 ","t",0.26]
["1.3.8.3",500109001142,"模板制安 ","m2",{"v":29.4,"d":"29.40"},48.78,null,"控制单价"]
[1.4,null,"陈高干渠岭脑干渠工程"]
["1.4.1",null,"陈高干渠岭脑干渠(6.86km)",""]
["1.4.1.1",500109001143,"人工砍伐灌木林","m2",{"v":20601,"d":"20601.00"}]
["1.4.1.2",500109001144,"渠道土方开挖","m3",1124.69]
["1.4.1.3",500109001145,"土方回填","m3",159.61,19.77,null,"控制单价"]
["1.4.1.4",500109001146,"C20砼底板","m3",376.26]
["1.4.1.5",500109001147,"砂砾石垫层","m3",501.68]
["1.4.1.6",500109001148,"C20砼边墙","m3",1592.83,402.35,null,"控制单价"]
["1.4.1.7",500109001149,"渠道模板","m2",11036.96,56.73,null,"控制单价"]
["1.4.1.8",500109001150,"沥青杉板伸缩缝","m",393.82]
["1.4.1.9",500109001151,"浆砌块石","m3",1326.02]
["1.4.1.10",500109001152,"Φ300圆涵","m",{"v":5,"d":"5.00"}]
["1.4.1.11",500109001153,"Φ200圆涵","m",{"v":5,"d":"5.00"}]
["1.4.2",null,"人工二次运输",""]
["1.4.2.1",500109001154,"砂砾石（150m)","m3",501.68]
["1.4.2.2",500109001155,"砼（150m)","m3",1969.09]
["1.4.2.3",500109001156,"块石(150m)","m3",1326.02]
["1.4.3",null,"岭脑支渠箱涵4+038~4+222",""]
["1.4.3.1",500109001157,"土方开挖 ","m3",{"v":867.1,"d":"867.10"}]
["1.4.3.2",500109001158,"C25砼暗涵 ","m3",{"v":230,"d":"230.00"}]
["1.4.3.3",500109001159,"钢筋制作安装 ","t",6.62]
["1.4.3.4",500109001160,"盖板C25砼 ","m3",66.24]
["1.4.3.5",500109001161,"涵洞模板制安 ","m2",{"v":1140.8,"d":"1140.80"},67.71,null,"控制单价"]
["1.4.3.6",500109001162,"沥青砂板 ","m2",{"v":115,"d":"115.00"}]
["1.4.4",null,"排沙桥工程(7座)"]
["1.4.4.1",500109001163,"土方开挖 ","m3",266.34]
["1.4.4.2",500109001164,"C20砼进水口拦水墙 ","m3",177.09]
["1.4.4.3",500109001165,"C20砼排砂槽","m3",24.57]
["1.4.4.4",500109001166,"C20砼消力池","m3",30.91]
["1.4.4.5",500109001167,"模板制安","m2",802.48,56.73,null,"控制单价"]
["1.4.4.6",500109001168,"钢筋制安 ","t",1.51]
["1.4.4.7",500109001169,"C20砼人行道","m3",2.17]
["1.4.4.8",500109001170,"钢筋制安 ","t",0.08]
["1.4.5",null,"人行桥板(12座)"]
["1.4.5.1",500109001171,"C20砼桥板","m3",{"v":5.4,"d":"5.40"}]
["1.4.5.2",500109001172,"钢筋制安 ","t",0.44]
["1.4.5.3",500109001173,"模板制安 ","m2",{"v":50.4,"d":"50.40"},48.78,null,"控制单价"]
["1.4.6",null,"洗衣台(5座)"]
["1.4.6.1",500109001174,"洗衣台C20砼","m3",6.78]
["1.4.6.2",500109001175,"模板制安 ","m2",{"v":24.6,"d":"24.60"},48.78,null,"控制单价"]
[1.5,null,"中迳互补干渠工程"]
["1.5.1",null,"中迳互补干渠(3.88km)",""]
["1.5.1.1",500109001176,"人工砍伐灌木林","m2",{"v":12034.2,"d":"12034.20"}]
["1.5.1.2",500109001177,"渠道土方开挖","m3",4096.15]
["1.5.1.3",500109001178,"土方回填","m3",648.45,19.77,null,"控制单价"]
["1.5.1.4",500109001179,"石方开挖","m3",111.51]
["1.5.1.5",500109001180,"拆除浆砌石","m3",{"v":234.5,"d":"234.50"}]
["1.5.1.6",500109001181,"C20砼底板","m3",706.23]
["1.5.1.7",500109001182,"砂砾石垫层","m3",571.71]
["1.5.1.8",500109001183,"C20砼边墙","m3",{"v":2690.4,"d":"2690.40"},402.35,null,"控制单价"]
["1.5.1.9",500109001184,"渠道模板","m2",14931.72,56.73,null,"控制单价"]
["1.5.1.10",500109001185,"沥青杉板伸缩缝","m2",3343.34]
["1.5.1.11",500109001186,"浆砌块石","m3",679.33]
["1.5.2",null,"人工二次运输(150m)",""]
["1.5.2.1",500109001187,"砂砾石（150m)","m3",571.71]
["1.5.2.2",500109001188,"砼（150m)","m3",3396.63]
["1.5.2.3",500109001189,"浆砌石(150m)","m3",3343.34]
["1.5.3",null,"中迳互补干渠控制闸工程",""]
["1.5.3.1",500109001190,"拆除浆砌石 ","m3",26.32]
["1.5.3.2",500109001191,"扭面C25砼 ","m3",12.38]
["1.5.3.3",500109001192,"闸室C25砼 ","m3",17.48]
["1.5.3.4",500109001193,"机架桥C25砼 ","m3",2.06]
["1.5.3.5",500109001194,"检修桥C25砼 ","m3",{"v":0.9,"d":"0.90"}]
["1.5.3.6",500109001195,"钢筋制作安装 ","t",0.42]
["1.5.3.7",500109001196,"爬梯钢筋制作安装 ","t",0.02]
["1.5.3.8",500109001197,"栏杆扶手 ","m",{"v":13.2,"d":"13.20"}]
["1.5.4",null,"渡槽修复工程",""]
["1.5.4.1",500109001198,"开挖淤泥土方","m3",17.29]
["1.5.4.2",500109001199,"M7.5浆砌块石边墩","m3",{"v":10.6,"d":"10.60"}]
["1.5.4.3",500109001200,"边墩C20砼","m3",{"v":0.4,"d":"0.40"}]
["1.5.4.4",500109001201,"排架基础C20砼","m3",3.31]
["1.5.4.5",500109001202,"排架C20砼","m3",10.83]
["1.5.4.6",500109001203,"渡槽槽身C30砼","m3",31.31]
["1.5.4.7",500109001204,"拉杆C30砼","m3",0.09]
["1.5.4.8",500109001205,"基础钢筋制安 ","t",0.04]
["1.5.4.9",500109001206,"排架基础钢筋制安 ","t",0.33]
["1.5.4.10",500109001207,"排架钢筋制安 ","t",1.08]
["1.5.4.11",500109001208,"槽身、拉杆钢筋制安 ","t",3.13]
["1.5.4.12",500109001209,"渡槽槽身及排架模板","m2",{"v":440.5,"d":"440.50"},56.73,null,"控制单价"]
["1.5.4.13",500109001210,"钢管脚手架 ","m2",{"v":450.8,"d":"450.80"}]
["1.5.4.14",500109001211,"渡槽吊装","元",{"v":14000,"d":"14000.00"}]
["1.5.5",null,"中径(1#~2#)隧洞（217m）"]
["1.5.5.2",500109001212,"隧洞石方开挖 ","m3",424.89]
["1.5.5.3",500109001213,"隧洞C25砼衬砌 ","m3",457.39]
["1.5.5.4",500109001214,"隧洞模板制安 ","m2",1096.94,73.38,null,"控制单价"]
["1.5.5.5",500109001215,"隧洞支撑 "," m",{"v":217,"d":"217.00"}]
["1.5.5.6",500109001216,"隧洞钢筋制作 ","t",29.39]
["1.5.5.7",500109001217,"沥青砂板 ","m2",92.74]
["1.5.6",null,"中迳互补公路涵",""]
["1.5.6.1",500109001218,"钢筋制安 ","t",0.95]
["1.5.6.2",500109001219,"C25砼涵 ","m3",7.41]
["1.5.6.3",500109001220,"模板制安 ","m2",{"v":28.8,"d":"28.80"},48.78,null,"控制单价"]
["1.5.6.4",500109001221,"拆除Φ1500圆涵","m",{"v":3,"d":"3.00"}]
["1.5.7",null,"排沙桥工程(5座)"]
["1.5.7.1",500109001222,"土方开挖 ","m3",190.24]
["1.5.7.2",500109001223,"C20砼进水口拦水墙 ","m3",126.49]
["1.5.7.3",500109001224,"C20砼排砂槽","m3",17.55]
["1.5.7.4",500109001225,"C20砼消力池","m3",22.08]
["1.5.7.5",500109001226,"模板制安","m2",{"v":573.2,"d":"573.20"},56.73,null,"控制单价"]
["1.5.7.6",500109001227,"钢筋制安 ","t",1.08]
["1.5.7.7",500109001228,"C20砼人行道","m3",1.55]
["1.5.7.8",500109001229,"钢筋制安 ","t",0.05]
["1.5.8",null,"人行桥板(10座)"]
["1.5.8.1",500109001230,"C20砼桥板","m3",{"v":4.5,"d":"4.50"}]
["1.5.8.2",500109001231,"钢筋制安 ","t",0.37]
["1.5.8.3",500109001232,"模板制安 ","m2",{"v":42,"d":"42.00"},48.78,null,"控制单价"]
["1.5.9",null,"洗衣台(5座)"]
["1.5.9.1",500109001233,"洗衣台C20砼","m3",6.78]
["1.5.9.2",500109001234,"模板制安 ","m2",{"v":24.6,"d":"24.60"},48.78,null,"控制单价"]
[1.6,null,"大胜干渠工程"]
["1.6.1",null,"大胜干渠(9.8km)",""]
["1.6.1.1",500109001235,"人工砍伐灌木林","m2",{"v":17703,"d":"17703.00"}]
["1.6.1.2",500109001236,"渠道土方开挖","m3",4187.89]
["1.6.1.3",500109001237,"土方回填","m3",2079.35,19.77,null,"控制单价"]
["1.6.1.4",500109001238,"沟槽石方开挖","m3",{"v":39,"d":"39.00"}]
["1.6.1.5",500109001239,"砼衬砌拆除","m3",928.81]
["1.6.1.6",500109001240,"拆除浆砌石","m3",1846.36]
["1.6.1.7",500109001241,"C20砼底板","m3",1180.25]
["1.6.1.8",500109001242,"砂砾石垫层","m3",1241.14]
["1.6.1.9",500109001243,"C20砼边墙","m3",3429.51,402.35,null,"控制单价"]
["1.6.1.10",500109001244,"渠道模板","m2",{"v":23051,"d":"23051.00"},56.73,null,"控制单价"]
["1.6.1.11",500109001245,"沥青杉板伸缩缝","m",928.59]
["1.6.1.12",500109001246,"浆砌块石","m3",{"v":725,"d":"725.00"}]
["1.6.1.13",500109001247,"Φ1000圆涵","m",{"v":4,"d":"4.00"}]
["1.6.1.14",500109001248,"Φ800圆涵","m",{"v":4,"d":"4.00"}]
["1.6.1.15",500109001249,"Φ500圆涵","m",{"v":4,"d":"4.00"}]
["1.6.1.16",500109001250,"Φ400圆涵","m",{"v":4,"d":"4.00"}]
["1.6.1.17",500109001251,"Φ300圆涵","m",{"v":10,"d":"10.00"}]
["1.6.1.18",500109001252,"Φ200圆涵","m",{"v":10,"d":"10.00"}]
["1.6.2",null,"人工二次运输",""]
["1.6.2.1",500109001253,"砂砾石（150m)","m3",1241.14]
["1.6.2.2",500109001254,"砼（150m)","m3",4609.76]
["1.6.2.3",500109001255,"块石(150m)","m3",{"v":725,"d":"725.00"}]
["1.6.3",null,"大胜隧洞（51m）"]
["1.6.3.1",500109001256,"隧洞石方开挖 ","m3",99.86]
["1.6.3.2",500109001257,"隧洞C25砼衬砌 ","m3",100.29]
["1.6.3.3",500109001258,"隧洞模板制安 ","m2",249.08,73.38,null,"控制单价"]
["1.6.3.4",500109001259,"隧洞支撑 "," m",{"v":51,"d":"51.00"}]
["1.6.3.5",500109001260,"隧洞钢筋制作 ","t",6.49]
["1.6.3.6",500109001261,"沥青砂板 ","m2",19.67]
["1.6.4",null,"大胜干渠控制闸工程",""]
["1.6.4.1",500109001262,"拆除浆砌石","m3",26.32]
["1.6.4.2",500109001263,"扭面C25砼","m3",12.38]
["1.6.4.3",500109001264,"闸室C25砼","m3",17.48]
["1.6.4.4",500109001265,"机架桥C25砼","m3",2.06]
["1.6.4.5",500109001266,"检修桥C25砼","m3",{"v":0.9,"d":"0.90"}]
["1.6.4.6",500109001267,"钢筋制作安装","t",0.42]
["1.6.4.7",500109001268,"爬梯钢筋制作安装","t",0.02]
["1.6.4.8",500109001269,"栏杆扶手","m",{"v":13.2,"d":"13.20"}]
["1.6.5",null,"大胜干渠4#箱涵4+355~4+476",""]
["1.6.5.1",500109001270,"土方开挖 ","m3",570.21]
["1.6.5.2",500109001271,"C25砼暗涵 ","m3",151.25]
["1.6.5.3",500109001272,"钢筋制作安装 ","t",4.36]
["1.6.5.4",500109001273,"盖板C25砼 ","m3",43.56]
["1.6.5.5",500109001274,"涵洞模板制安 ","m2",{"v":750.2,"d":"750.20"},67.71,null,"控制单价"]
["1.6.5.6",500109001275,"沥青砂板 ","m2",{"v":115,"d":"115.00"}]
["1.6.6",null,"大胜干渠1#箱涵1+797~1+907",""]
["1.6.6.1",500109001276,"土方开挖 ","m3",{"v":1161.6,"d":"1161.60"}]
["1.6.6.2",500109001277,"C25砼暗涵 ","m3",{"v":250.8,"d":"250.80"}]
["1.6.6.3",500109001278,"钢筋制作安装 ","t",25.08]
["1.6.6.4",500109001279,"爬梯钢筋制作安装 ","t",0.13]
["1.6.6.5",500109001280,"M7.5浆砌红砖墙 ","m3",2.35]
["1.6.6.6",500109001281,"M10砂浆砌抹面 ","m2",24.21]
["1.6.6.7",500109001282,"盖板C25砼 ","m3",0.39]
["1.6.6.8",500109001283,"涵洞模板制安 ","m2",{"v":1078,"d":"1078.00"},67.71,null,"控制单价"]
["1.6.6.9",500109001284,"沥青砂板 ","m2",77.52]
["1.6.7",null,"大胜干渠2#箱涵3+032~3+169",""]
["1.6.7.1",500109001285,"土方开挖 ","m3",1446.72]
["1.6.7.2",500109001286,"C25砼暗涵 ","m3",312.36]
["1.6.7.3",500109001287,"钢筋制作安装 ","t",31.24]
["1.6.7.4",500109001288,"爬梯钢筋制作安装 ","t",0.13]
["1.6.7.5",500109001289,"M7.5浆砌红砖墙 ","m3",2.35]
["1.6.7.6",500109001290,"M10砂浆砌抹面 ","m2",24.21]
["1.6.7.7",500109001291,"盖板C25砼 ","m3",0.39]
["1.6.7.8",500109001292,"涵洞模板制安 ","m2",{"v":1342.6,"d":"1342.60"},67.71,null,"控制单价"]
["1.6.7.9",500109001293,"沥青砂板 ","m2",77.52]
["1.6.8",null,"大胜干渠3#箱涵3+950~4+041",""]
["1.6.8.1",500109001294,"土方开挖 ","m3",960.96]
["1.6.8.2",500109001295,"C25砼暗涵 ","m3",207.48]
["1.6.8.3",500109001296,"钢筋制作安装 ","t",20.75]
["1.6.8.4",500109001297,"爬梯钢筋制作安装 ","t",0.13]
["1.6.8.5",500109001298,"M7.5浆砌红砖墙 ","m3",2.35]
["1.6.8.6",500109001299,"M10砂浆砌抹面 ","m2",24.21]
["1.6.8.7",500109001300,"盖板C25砼 ","m3",0.39]
["1.6.8.8",500109001301,"涵洞模板制安 ","m2",{"v":891.8,"d":"891.80"},67.71,null,"控制单价"]
["1.6.8.9",500109001302,"沥青砂板 ","m2",77.52]
["1.6.9",null,"排沙桥工程(28座)"]
["1.6.9.1",500109001303,"土方开挖 ","m3",1065.34]
["1.6.9.2",500109001304,"C20砼进水口拦水墙 ","m3",708.34]
["1.6.9.3",500109001305,"C20砼排砂槽","m3",98.28]
["1.6.9.4",500109001306,"C20砼消力池","m3",123.65]
["1.6.9.5",500109001307,"模板制安","m2",3209.92,56.73,null,"控制单价"]
["1.6.9.6",500109001308,"钢筋制安 ","t",6.06]
["1.6.9.7",500109001309,"C20砼人行道","m3",8.68]
["1.6.9.8",500109001310,"钢筋制安 ","t",{"v":0.3,"d":"0.30"}]
["1.6.10",null,"人行桥板(18座)"]
["1.6.10.1",500109001311,"C20砼桥板","m3",4.05]
["1.6.10.2",500109001312,"钢筋制安 ","t",0.33]
["1.6.10.3",500109001313,"模板制安 ","m2",{"v":40.5,"d":"40.50"},48.78,null,"控制单价"]
["1.6.11",null,"洗衣台(7座)"]
["1.6.11.1",500109001314,"洗衣台C20砼","m3",9.49]
["1.6.11.2",500109001315,"模板制安 ","m2",34.44,48.78,null,"控制单价"]
[1.7,null,"马坳支渠工程"]
["1.7.1",null,"马坳支渠(1.77km)",""]
["1.7.1.1",500109001316,"人工砍伐灌木林","m2",{"v":3195,"d":"3195.00"}]
["1.7.1.2",500109001317,"渠道土方开挖","m3",{"v":5712.5,"d":"5712.50"}]
["1.7.1.3",500109001318,"土方回填","m3",{"v":81,"d":"81.00"},19.77,null,"控制单价"]
["1.7.1.4",500109001319,"沟槽石方开挖","m3",{"v":4520,"d":"4520.00"}]
["1.7.1.5",500109001320,"C20砼底板","m3",244.24]
["1.7.1.6",500109001321,"砂砾石垫层","m3",244.24]
["1.7.1.7",500109001322,"C20砼边墙","m3",717.36,402.35,null,"控制单价"]
["1.7.1.8",500109001323,"渠道模板","m2",3894.24,56.73,null,"控制单价"]
["1.7.1.9",500109001324,"沥青杉板伸缩缝","m2",192.32]
["1.7.1.10",500109001325,"浆砌块石","m3",{"v":695,"d":"695.00"}]
["1.7.2",null,"人工二次运输(150m)",""]
["1.7.2.1",500109001326,"砂砾石（150m)","m3",244.24]
["1.7.2.2",500109001327,"砼（150m)","m3",{"v":961.6,"d":"961.60"}]
["1.7.2.3",500109001328,"浆砌石(150m)","m3",{"v":695,"d":"695.00"}]
["1.7.3",null,"马坳支渠箱涵0+190~0+257",""]
["1.7.3.1",500109001329,"土方开挖 ","m3",315.74]
["1.7.3.2",500109001330,"C25砼暗涵 ","m3",83.75]
["1.7.3.3",500109001331,"钢筋制作安装 ","t",2.41]
["1.7.3.4",500109001332,"盖板C25砼 ","m3",24.12]
["1.7.3.5",500109001333,"涵洞模板制安 ","m2",{"v":415.4,"d":"415.40"},67.71,null,"控制单价"]
["1.7.3.6",500109001334,"沥青砂板 ","m2",{"v":115,"d":"115.00"}]
["1.7.4",null,"人行桥板(20座)"]
["1.7.4.1",500109001335,"C20砼桥板","m3",{"v":4.5,"d":"4.50"}]
["1.7.4.2",500109001336,"钢筋制安 ","t",0.37]
["1.7.4.3",500109001337,"模板制安 ","m2",{"v":45,"d":"45.00"},48.78,null,"控制单价"]
["1.7.5",null,"洗衣台(5座)"]
["1.7.5.1",500109001338,"洗衣台C20砼","m3",6.78]
["1.7.5.2",500109001339,"模板制安 ","m2",{"v":24.6,"d":"24.60"},48.78,null,"控制单价"]
[1.8,null,"西干渠工程"]
["1.8.1",null,"西干渠桩号14+900-15+450",""]
["1.8.1.1",500109001340,"土方开挖 ","m3",{"v":5544,"d":"5544.00"}]
["1.8.1.2",500109001341,"C25砼暗涵","m3",{"v":1188,"d":"1188.00"}]
["1.8.1.3",500109001342,"钢筋制作安装 ","t",{"v":118.8,"d":"118.80"}]
["1.8.1.4",500109001343,"爬梯钢筋制作安装 ","t",0.45]
["1.8.1.5",500109001344,"M7.5浆砌红砖墙 ","m3",8.62]
["1.8.1.6",500109001345,"M10砂浆砌抹面 ","m2",88.75]
["1.8.1.7",500109001346,"盖板C25砼","m3",1.41]
["1.8.1.8",500109001347,"涵洞模板制安","m2",{"v":5280,"d":"5280.00"},67.71,null,"控制单价"]
["1.8.1.9",500109001348,"沥青砂板 ","m2",{"v":118.8,"d":"118.80"}]
[1.9,null,"支渠工程",""]
["1.9.1",null,"王屋村下余水陡渠（489m）"]
["1.9.1.1",500109001349,"人工砍伐灌木林 ","m2",{"v":489,"d":"489.00"}]
["1.9.1.2",500109001350,"渠道土方开挖 ","m3",328.61]
["1.9.1.3",500109001351,"土方回填 ","m3",170.17,19.77,null,"控制单价"]
["1.9.1.4",500109001352,"C20砼底板 ","m3",19.56]
["1.9.1.5",500109001353,"砂砾石垫层 ","m3",{"v":31.3,"d":"31.30"}]
["1.9.1.6",500109001354,"C20砼边墙 ","m3",58.68,402.35,null,"控制单价"]
["1.9.1.7",500109001355,"渠道钢模板 ","m2",{"v":880.2,"d":"880.20"},34.99,null,"控制单价"]
["1.9.1.8",500109001356,"沥青杉板伸缩缝 ","m2",136.92]
["1.9.1.9",500109001357,"截水槽","座",{"v":8,"d":"8.00"}]
["1.9.2",null,"人工二次运输(200m)",""]
["1.9.2.1",500109001358,"砂砾石（200m) ","m3",{"v":31.3,"d":"31.30"}]
["1.9.2.2",500109001359,"砼（200m) ","m3",78.24]
["1.9.3",null,"人行桥板(1座)"]
["1.9.3.1",500109001360,"C20砼桥板","m3",0.23]
["1.9.3.2",500109001361,"钢筋制安 ","t",0.02]
["1.9.3.3",500109001362,"模板制安 ","m2",2.25,48.78,null,"控制单价"]
["1.9.4",null,"王屋村石塘支渠（892m）"]
["1.9.4.1",500109001363,"人工砍伐灌木林 ","m2",{"v":892,"d":"892.00"}]
["1.9.4.2",500109001364,"渠道土方开挖 ","m3",599.42]
["1.9.4.3",500109001365,"土方回填 ","m3",310.42,19.77,null,"控制单价"]
["1.9.4.4",500109001366,"C20砼底板 ","m3",35.68]
["1.9.4.5",500109001367,"砂砾石垫层 ","m3",57.09]
["1.9.4.6",500109001368,"C20砼边墙 ","m3",107.04,402.35,null,"控制单价"]
["1.9.4.7",500109001369,"渠道钢模板","m2",{"v":1605.6,"d":"1605.60"},34.99,null,"控制单价"]
["1.9.4.8",500109001370,"沥青杉板伸缩缝 ","m2",249.76]
["1.9.4.9",500109001371,"截水槽 ","座",{"v":15,"d":"15.00"}]
["1.9.5",null,"人工二次运输(200m)",""]
["1.9.5.1",500109001372,"砂砾石（200m) ","m3",57.09]
["1.9.5.2",500109001373,"砼（200m) ","m3",142.72]
["1.9.6",null,"人行桥板(2座)"]
["1.9.6.1",500109001374,"C20砼桥板","m3",0.45]
["1.9.6.2",500109001375,"钢筋制安 ","t",0.04]
["1.9.6.3",500109001376,"模板制安 ","m2",{"v":4.5,"d":"4.50"},48.78,null,"控制单价"]
["1.9.7",null,"王屋村沙里塘主渠1（1959m）"]
["1.9.7.1",500109001377,"人工砍伐灌木林 ","m2",{"v":1959,"d":"1959.00"}]
["1.9.7.2",500109001378,"渠道土方开挖 ","m3",1674.95]
["1.9.7.3",500109001379,"土方回填 ","m3",836.49,19.77,null,"控制单价"]
["1.9.7.4",500109001380,"C20砼底板 ","m3",117.54]
["1.9.7.5",500109001381,"砂砾石垫层 ","m3",164.56]
["1.9.7.6",500109001382,"C20砼边墙 ","m3",{"v":282.1,"d":"282.10"},402.35,null,"控制单价"]
["1.9.7.7",500109001383,"渠道钢模板 ","m2",{"v":4309.8,"d":"4309.80"},34.99,null,"控制单价"]
["1.9.7.8",500109001384,"沥青杉板伸缩缝 ","m2",705.24]
["1.9.7.9",500109001385,"截水槽 ","座",{"v":33,"d":"33.00"}]
["1.9.7.10",500109001386,"Φ500圆涵","m",{"v":4,"d":"4.00"}]
["1.9.7.11",500109001387,"Φ400圆涵","m",{"v":4,"d":"4.00"}]
["1.9.8",null,"人工二次运输(150m)",""]
["1.9.8.1",500109001388,"砂砾石（150m) ","m3",164.56]
["1.9.8.2",500109001389,"砼（150m) ","m3",399.64]
["1.9.9",null,"人行桥板(3座)"]
["1.9.9.1",500109001390,"C20砼桥板","m3",0.68]
["1.9.9.2",500109001391,"钢筋制安 ","t",0.06]
["1.9.9.3",500109001392,"模板制安 ","m2",6.75,48.78,null,"控制单价"]
["1.9.10",null,"洗衣台(2座)"]
["1.9.10.1",500109001393,"洗衣台C20砼","m3",2.71]
["1.9.10.2",500109001394,"模板制安 ","m2",9.84,48.78,null,"控制单价"]
["1.9.11",null,"王屋村沙里塘主渠2（1193m）"]
["1.9.11.1",500109001395,"人工砍伐灌木林 ","m2",{"v":1193,"d":"1193.00"}]
["1.9.11.2",500109001396,"渠道土方开挖 ","m3",1020.02]
["1.9.11.3",500109001397,"土方回填 ","m3",509.41,19.77,null,"控制单价"]
["1.9.11.4",500109001398,"C20砼底板 ","m3",71.58]
["1.9.11.5",500109001399,"砂砾石垫层 ","m3",100.21]
["1.9.11.6",500109001400,"C20砼边墙 ","m3",171.79,402.35,null,"控制单价"]
["1.9.11.7",500109001401,"渠道钢模板 ","m2",{"v":2624.6,"d":"2624.60"},34.99,null,"控制单价"]
["1.9.11.8",500109001402,"沥青杉板伸缩缝 ","m2",429.48]
["1.9.11.9",500109001403,"截水槽 ","座",{"v":20,"d":"20.00"}]
["1.9.12",null,"人工二次运输(150m)",""]
["1.9.12.1",500109001404,"砂砾石（150m) ","m3",100.21]
["1.9.12.2",500109001405,"砼（150m) ","m3",243.37]
["1.9.13",null,"人行桥板(2座)"]
["1.9.13.1",500109001406,"C20砼桥板","m3",0.45]
["1.9.13.2",500109001407,"钢筋制安 ","t",0.04]
["1.9.13.3",500109001408,"模板制安 ","m2",{"v":4.5,"d":"4.50"},48.78,null,"控制单价"]
["1.9.14",null,"王屋村沙里支渠（964m）"]
["1.9.14.1",500109001409,"人工砍伐灌木林 ","m2",{"v":964,"d":"964.00"}]
["1.9.14.2",500109001410,"渠道土方开挖 ","m3",647.81]
["1.9.14.3",500109001411,"土方回填 ","m3",335.47,19.77,null,"控制单价"]
["1.9.14.4",500109001412,"C20砼底板 ","m3",38.56]
["1.9.14.5",500109001413,"砂砾石垫层 ","m3",{"v":61.7,"d":"61.70"}]
["1.9.14.6",500109001414,"C20砼边墙 ","m3",115.68,402.35,null,"控制单价"]
["1.9.14.7",500109001415,"渠道钢模板 ","m2",{"v":1735.2,"d":"1735.20"},34.99,null,"控制单价"]
["1.9.14.8",500109001416,"沥青杉板伸缩缝 ","m2",269.92]
["1.9.14.9",500109001417,"截水槽 ","座",{"v":16,"d":"16.00"}]
["1.9.15",null,"人工二次运输(100m)",""]
["1.9.15.1",500109001418,"砂砾石（100m) ","m3",{"v":61.7,"d":"61.70"}]
["1.9.15.2",500109001419,"砼（100m) ","m3",154.24]
["1.9.16",null,"人行桥板(2座)"]
["1.9.16.1",500109001420,"C20砼桥板","m3",0.45]
["1.9.16.2",500109001421,"钢筋制安 ","t",0.04]
["1.9.16.3",500109001422,"模板制安 ","m2",{"v":4.5,"d":"4.50"},48.78,null,"控制单价"]
["1.9.17",null,"王屋村契背支渠（567m）"]
["1.9.17.1",500109001423,"人工砍伐灌木林 ","m2",{"v":567,"d":"567.00"}]
["1.9.17.2",500109001424,"渠道土方开挖 ","m3",381.02]
["1.9.17.3",500109001425,"渠道土方回填 ","m3",197.32,19.77,null,"控制单价"]
["1.9.17.4",500109001426,"C20砼底板 ","m3",22.68]
["1.9.17.5",500109001427,"砂砾石垫层 ","m3",36.29]
["1.9.17.6",500109001428,"C20砼边墙 ","m3",68.04,402.35,null,"控制单价"]
["1.9.17.7",500109001429,"渠道钢模板 ","m2",{"v":1020.6,"d":"1020.60"},34.99,null,"控制单价"]
["1.9.17.8",500109001430,"沥青杉板伸缩缝 ","m2",158.76]
["1.9.17.9",500109001431,"截水槽 ","座",{"v":9,"d":"9.00"}]
["1.9.18",null,"人工二次运输(100m)",""]
["1.9.18.1",500109001432,"砂砾石（100m) ","m3",36.29]
["1.9.18.2",500109001433,"砼（100m) ","m3",90.72]
["1.9.19",null,"人行桥板(1座)"]
["1.9.19.1",500109001434,"C20砼桥板","m3",0.23]
["1.9.19.2",500109001435,"钢筋制安 ","t",0.02]
["1.9.19.3",500109001436,"模板制安 ","m2",2.25,48.78,null,"控制单价"]
["1.9.20",null,"黄沙村河子背渠道1 (349.6m)"]
["1.9.20.1",500109001437,"人工砍伐灌木林 ","m2",{"v":349.6,"d":"349.60"}]
["1.9.20.2",500109001438,"渠道土方开挖 ","m3",234.93]
["1.9.20.3",500109001439,"渠道土方回填 ","m3",121.66,19.77,null,"控制单价"]
["1.9.20.4",500109001440,"C20砼底板 ","m3",13.98]
["1.9.20.5",500109001441,"砂砾石垫层 ","m3",22.37]
["1.9.20.6",500109001442,"C20砼边墙 ","m3",41.95,402.35,null,"控制单价"]
["1.9.20.7",500109001443,"渠道钢模板 ","m2",629.28,34.99,null,"控制单价"]
["1.9.20.8",500109001444,"沥青杉板伸缩缝 ","m2",97.89]
["1.9.20.9",500109001445,"截水槽 ","座",{"v":6,"d":"6.00"}]
["1.9.21",null,"人工二次运输(100m)",""]
["1.9.21.1",500109001446,"砂砾石（100m) ","m3",22.37]
["1.9.21.2",500109001447,"砼（100m) ","m3",55.93]
["1.9.22",null,"黄沙村河子背渠道2 (531m)"]
["1.9.22.1",500109001448,"人工砍伐灌木林 ","m2",{"v":531,"d":"531.00"}]
["1.9.22.2",500109001449,"渠道土方开挖 ","m3",356.83]
["1.9.22.3",500109001450,"渠道土方回填 ","m3",184.79,19.77,null,"控制单价"]
["1.9.22.4",500109001451,"C20砼底板 ","m3",21.24]
["1.9.22.5",500109001452,"砂砾石垫层 ","m3",33.98]
["1.9.22.6",500109001453,"C20砼边墙 ","m3",63.72,402.35,null,"控制单价"]
["1.9.22.7",500109001454,"渠道钢模板 ","m2",{"v":955.8,"d":"955.80"},34.99,null,"控制单价"]
["1.9.22.8",500109001455,"沥青杉板伸缩缝 ","m2",148.68]
["1.9.22.9",500109001456,"截水槽 ","座",{"v":9,"d":"9.00"}]
["1.9.23",null,"人工二次运输(100m)",""]
["1.9.23.1",500109001457,"砂砾石（100m) ","m3",33.98]
["1.9.23.2",500109001458,"砼（100m) ","m3",84.96]
["1.9.24",null,"黄沙村河子背渠道3 (383.2m)"]
["1.9.24.1",500109001459,"人工砍伐灌木林 ","m2",{"v":383.2,"d":"383.20"}]
["1.9.24.2",500109001460,"渠道土方开挖 ","m3",257.51]
["1.9.24.3",500109001461,"渠道土方回填 ","m3",133.35,19.77,null,"控制单价"]
["1.9.24.4",500109001462,"C20砼底板 ","m3",15.33]
["1.9.24.5",500109001463,"砂砾石垫层 ","m3",24.52]
["1.9.24.6",500109001464,"C20砼边墙 ","m3",45.98,402.35,null,"控制单价"]
["1.9.24.7",500109001465,"渠道钢模板 ","m2",689.76,34.99,null,"控制单价"]
["1.9.24.8",500109001466,"沥青杉板伸缩缝 ","m2",{"v":107.3,"d":"107.30"}]
["1.9.24.9",500109001467,"截水槽 ","座",{"v":6,"d":"6.00"}]
["1.9.25",null,"人工二次运输(200m)",""]
["1.9.25.1",500109001468,"砂砾石（200m) ","m3",24.52]
["1.9.25.2",500109001469,"砼（200m) ","m3",61.31]
["1.9.26",null,"黄沙村河子背渠道4 (988.9m)"]
["1.9.26.1",500109001470,"人工砍伐灌木林 ","m2",{"v":988.9,"d":"988.90"}]
["1.9.26.2",500109001471,"渠道土方开挖 ","m3",664.54]
["1.9.26.3",500109001472,"渠道土方回填 ","m3",344.14,19.77,null,"控制单价"]
["1.9.26.4",500109001473,"C20砼底板 ","m3",39.56]
["1.9.26.5",500109001474,"砂砾石垫层 ","m3",63.29]
["1.9.26.6",500109001475,"C20砼边墙 ","m3",118.67,402.35,null,"控制单价"]
["1.9.26.7",500109001476,"渠道钢模板 ","m2",1780.02,34.99,null,"控制单价"]
["1.9.26.8",500109001477,"沥青杉板伸缩缝 ","m2",276.89]
["1.9.26.9",500109001478,"截水槽 ","座",{"v":16,"d":"16.00"}]
["1.9.26.10",500109001479,"Φ400圆涵","m",{"v":4,"d":"4.00"}]
["1.9.27",null,"人工二次运输(250m)",""]
["1.9.27.1",500109001480,"砂砾石（250m) ","m3",63.29]
["1.9.27.2",500109001481,"砼（250m) ","m3",158.23]
["1.9.28",null,"人行桥板(1座)"]
["1.9.28.1",500109001482,"C20砼桥板","m3",0.23]
["1.9.28.2",500109001483,"钢筋制安 ","t",0.02]
["1.9.28.3",500109001484,"模板制安 ","m2",2.25,48.78,null,"控制单价"]
["1.9.29",null,"洗衣台(2座)"]
["1.9.29.1",500109001485,"洗衣台C20砼","m3",2.71]
["1.9.29.2",500109001486,"模板制安 ","m2",9.84,48.78,null,"控制单价"]
["1.9.30",null,"黄沙村河子背渠道5 (710.6m)"]
["1.9.30.1",500109001487,"人工砍伐灌木林 ","m2",{"v":710.6,"d":"710.60"}]
["1.9.30.2",500109001488,"渠道土方开挖 ","m3",477.52]
["1.9.30.3",500109001489,"渠道土方回填 ","m3",247.29,19.77,null,"控制单价"]
["1.9.30.4",500109001490,"C20砼底板 ","m3",28.42]
["1.9.30.5",500109001491,"砂砾石垫层 ","m3",45.48]
["1.9.30.6",500109001492,"C20砼边墙 ","m3",85.27,402.35,null,"控制单价"]
["1.9.30.7",500109001493,"渠道钢模板 ","m2",1279.08,34.99,null,"控制单价"]
["1.9.30.8",500109001494,"沥青杉板伸缩缝 ","m2",198.97]
["1.9.30.9",500109001495,"截水槽 ","座",{"v":12,"d":"12.00"}]
["1.9.31",null,"人工二次运输(100m)",""]
["1.9.31.1",500109001496,"砂砾石（100m) ","m3",45.48]
["1.9.31.2",500109001497,"砼（100m) ","m3",113.69]
["1.9.32",null,"人行桥板(1座)"]
["1.9.32.1",500109001498,"C20砼桥板","m3",0.23]
["1.9.32.2",500109001499,"钢筋制安 ","t",0.02]
["1.9.32.3",500109001500,"模板制安 ","m2",2.25,48.78,null,"控制单价"]
["1.9.33",null,"黄沙村下公下渠道 (85.2m)"]
["1.9.33.1",500109001501,"人工砍伐灌木林 ","m2",{"v":85.2,"d":"85.20"}]
["1.9.33.2",500109001502,"渠道土方开挖 ","m3",57.25]
["1.9.33.3",500109001503,"渠道土方回填 ","m3",29.65,19.77,null,"控制单价"]
["1.9.33.4",500109001504,"C20砼底板 ","m3",3.41]
["1.9.33.5",500109001505,"砂砾石垫层 ","m3",5.45]
["1.9.33.6",500109001506,"C20砼边墙 ","m3",10.22,402.35,null,"控制单价"]
["1.9.33.7",500109001507,"渠道钢模板 ","m2",153.36,34.99,null,"控制单价"]
["1.9.33.8",500109001508,"沥青杉板伸缩缝 ","m2",23.86]
["1.9.33.9",500109001509,"截水槽 ","座",{"v":1,"d":"1.00"}]
["1.9.34",null,"人工二次运输(100m)",""]
["1.9.34.1",500109001510,"砂砾石（100m) ","m3",5.45]
["1.9.34.2",500109001511,"砼（100m) ","m3",13.63]
["1.9.35",null,"人行桥板(1座)"]
["1.9.35.1",500109001512,"C20砼桥板","m3",0.23]
["1.9.35.2",500109001513,"钢筋制安 ","t",0.02]
["1.9.35.3",500109001514,"模板制安 ","m2",2.25,48.78,null,"控制单价"]
["1.9.36",null,"黄沙村墓塘沙渠道 (108.4m)"]
["1.9.36.1",500109001515,"人工砍伐灌木林 ","m2",{"v":108.4,"d":"108.40"}]
["1.9.36.2",500109001516,"渠道土方开挖 ","m3",72.84]
["1.9.36.3",500109001517,"渠道土方回填 ","m3",37.72,19.77,null,"控制单价"]
["1.9.36.4",500109001518,"C20砼底板 ","m3",4.34]
["1.9.36.5",500109001519,"砂砾石垫层 ","m3",6.94]
["1.9.36.6",500109001520,"C20砼边墙 ","m3",13.01,402.35,null,"控制单价"]
["1.9.36.7",500109001521,"渠道钢模板 ","m2",195.12,34.99,null,"控制单价"]
["1.9.36.8",500109001522,"沥青杉板伸缩缝 ","m",30.35]
["1.9.36.9",500109001523,"截水槽 ","座",{"v":2,"d":"2.00"}]
["1.9.37",null,"人工二次运输(100m)",""]
["1.9.37.1",500109001524,"砂砾石（100m) ","m3",6.94]
["1.9.37.2",500109001525,"砼（100m) ","m3",17.35]
["1.9.38",null,"中谭村双巴塘渠道  (574.9m)"]
["1.9.38.1",500109001526,"人工砍伐灌木林 ","m2",689.88]
["1.9.38.2",500109001527,"渠道土方开挖 ","m3",491.54]
["1.9.38.3",500109001528,"渠道土方回填 ","m3",245.48,19.77,null,"控制单价"]
["1.9.38.4",500109001529,"砼衬砌拆除 ","m3",229.96]
["1.9.38.5",500109001530,"C20砼底板 ","m3",82.38]
["1.9.38.6",500109001531,"砂砾石垫层 ","m3",68.59]
["1.9.38.7",500109001532,"C20砼边墙 ","m3",{"v":191.1,"d":"191.10"},402.35,null,"控制单价"]
["1.9.38.8",500109001533,"渠道模板 ","m2",1310.77,56.73,null,"控制单价"]
["1.9.38.9",500109001534,"沥青杉板伸缩缝 ","m",364.49]
["1.9.38.10",500109001535,"浆砌石挡墙 ","m3",{"v":25.6,"d":"25.60"}]
["1.9.38.11",500109001536,"截水槽 ","座",{"v":8,"d":"8.00"}]
["1.9.39",null,"人工二次运输(100m)",""]
["1.9.39.1",500109001537,"砂砾石（100m) ","m3",68.59]
["1.9.39.2",500109001538,"砼（100m) ","m3",273.48]
["1.9.39.3",500109001539,"浆砌石(100m) ","m3",{"v":25.6,"d":"25.60"}]
["1.9.40",null,"人行桥板(1座)"]
["1.9.40.1",500109001540,"C20砼桥板","m3",0.23]
["1.9.40.2",500109001541,"钢筋制安 ","t",0.02]
["1.9.40.3",500109001542,"模板制安 ","m2",2.25,48.78,null,"控制单价"]
["1.9.41",null,"洗衣台"]
["1.9.41.1",500109001543,"洗衣台C20砼","m3",1.36]
["1.9.41.2",500109001544,"模板制安 ","m2",4.92,48.78,null,"控制单价"]
["1.9.42",null,"中谭村大塘下渠道1  (317m)"]
["1.9.42.1",500109001545,"人工砍伐灌木林 ","m2",{"v":380.4,"d":"380.40"}]
["1.9.42.2",500109001546,"渠道土方开挖 ","m3",271.04]
["1.9.42.3",500109001547,"渠道土方回填 ","m3",135.36,19.77,null,"控制单价"]
["1.9.42.4",500109001548,"C20砼底板 ","m3",45.43]
["1.9.42.5",500109001549,"砂砾石垫层 ","m3",37.82]
["1.9.42.6",500109001550,"C20砼边墙 ","m3",105.37,402.35,null,"控制单价"]
["1.9.42.7",500109001551,"渠道模板","m2",722.76,56.73,null,"控制单价"]
["1.9.42.8",500109001552,"沥青杉板伸缩缝 ","m",200.98]
["1.9.42.9",500109001553,"截水槽 ","座",{"v":5,"d":"5.00"}]
["1.9.43",null,"人工二次运输(100m)",""]
["1.9.43.1",500109001554,"砂砾石（100m) ","m3",37.82]
["1.9.43.2",500109001555,"砼（100m) ","m3",{"v":150.8,"d":"150.80"}]
["1.9.44",null,"中谭村大塘下渠道2 (356.4m)"]
["1.9.44.1",500109001556,"人工砍伐灌木林 ","m2",{"v":356.4,"d":"356.40"}]
["1.9.44.2",500109001557,"渠道土方开挖 ","m3",304.72]
["1.9.44.3",500109001558,"渠道土方回填 ","m3",152.18,19.77,null,"控制单价"]
["1.9.44.4",500109001559,"C20砼底板 ","m3",21.38]
["1.9.44.5",500109001560,"砂砾石垫层 ","m3",29.94]
["1.9.44.6",500109001561,"C20砼边墙 ","m3",51.32,402.35,null,"控制单价"]
["1.9.44.7",500109001562,"渠道钢模板 ","m2",784.08,34.99,null,"控制单价"]
["1.9.44.8",500109001563,"沥青杉板伸缩缝 ","m",{"v":128.3,"d":"128.30"}]
["1.9.44.9",500109001564,"截水槽 ","座",{"v":6,"d":"6.00"}]
["1.9.44.10",500109001565,"Φ500圆涵","m",{"v":4,"d":"4.00"}]
["1.9.44.11",500109001566,"Φ400圆涵","m",{"v":4,"d":"4.00"}]
["1.9.45",null,"人工二次运输(100m)",""]
["1.9.45.1",500109001567,"砂砾石（100m) ","m3",29.94]
["1.9.45.2",500109001568,"砼（100m) ","m3",{"v":72.7,"d":"72.70"}]
["1.9.46",null,"中谭村大塘下渠道3 (186.2m)"]
["1.9.46.1",500109001569,"人工砍伐灌木林 ","m2",{"v":186.2,"d":"186.20"}]
["1.9.46.2",500109001570,"渠道土方开挖 ","m3",125.13]
["1.9.46.3",500109001571,"渠道土方回填 ","m3",{"v":64.8,"d":"64.80"},19.77,null,"控制单价"]
["1.9.46.4",500109001572,"C20砼底板 ","m3",7.45]
["1.9.46.5",500109001573,"砂砾石垫层 ","m3",11.92]
["1.9.46.6",500109001574,"C20砼边墙 ","m3",22.34,402.35,null,"控制单价"]
["1.9.46.7",500109001575,"渠道钢模板 ","m2",335.16,34.99,null,"控制单价"]
["1.9.46.8",500109001576,"沥青杉板伸缩缝 ","m",52.14]
["1.9.46.9",500109001577,"截水槽 ","座",{"v":3,"d":"3.00"}]
["1.9.47",null,"人工二次运输(100m)",""]
["1.9.47.1",500109001578,"砂砾石（100m) ","m3",11.92]
["1.9.47.2",500109001579,"砼（100m) ","m3",29.79]
["1.9.48",null,"中谭村斗垅渠道  (728.4m)"]
["1.9.48.1",500109001580,"人工砍伐灌木林 ","m2",{"v":728.4,"d":"728.40"}]
["1.9.48.2",500109001581,"渠道土方开挖 ","m3",489.48]
["1.9.48.3",500109001582,"渠道土方回填 ","m3",253.48,19.77,null,"控制单价"]
["1.9.48.4",500109001583,"C20砼底板 ","m3",29.14]
["1.9.48.5",500109001584,"砂砾石垫层 ","m3",46.62]
["1.9.48.6",500109001585,"C20砼边墙 ","m3",87.41,402.35,null,"控制单价"]
["1.9.48.7",500109001586,"渠道钢模板 ","m2",1311.12,34.99,null,"控制单价"]
["1.9.48.8",500109001587,"沥青杉板伸缩缝 ","m",203.95]
["1.9.48.9",500109001588,"截水槽 ","座",{"v":12,"d":"12.00"}]
["1.9.49",null,"人工二次运输(100m)",""]
["1.9.49.1",500109001589,"砂砾石（100m) ","m3",46.62]
["1.9.49.2",500109001590,"砼（100m) ","m3",116.55]
["1.9.50",null,"洗衣台(2座)"]
["1.9.50.1",500109001591,"洗衣台C20砼","m3",2.71]
["1.9.50.2",500109001592,"模板制安 ","m2",9.84,48.78,null,"控制单价"]
["1.9.51",null,"中迳水库支渠(735m)"]
["1.9.51.1",500109001593,"人工砍伐灌木林 ","m2",{"v":735,"d":"735.00"}]
["1.9.51.2",500109001594,"渠道土方开挖 ","m3",493.92]
["1.9.51.3",500109001595,"渠道土方回填 ","m3",255.78,19.77,null,"控制单价"]
["1.9.51.4",500109001596,"Φ300PE管 ","m",{"v":138,"d":"138.00"}]
["1.9.51.5",500109001597,"C20砼底板 ","m3",{"v":29.4,"d":"29.40"}]
["1.9.51.6",500109001598,"砂砾石垫层 ","m3",47.04]
["1.9.51.7",500109001599,"C20砼边墙 ","m3",{"v":88.2,"d":"88.20"},402.35,null,"控制单价"]
["1.9.51.8",500109001600,"渠道钢模板 ","m2",{"v":1323,"d":"1323.00"},34.99,null,"控制单价"]
["1.9.51.9",500109001601,"沥青杉板伸缩缝 ","m",{"v":205.8,"d":"205.80"}]
["1.9.51.10",500109001602,"截水槽 ","座",{"v":12,"d":"12.00"}]
["1.9.51.11",500109001603,"Φ400圆涵","m",{"v":4,"d":"4.00"}]
["1.9.52",null,"人工二次运输(200m)",""]
["1.9.52.1",500109001604,"砂砾石（200m) ","m3",47.04]
["1.9.52.2",500109001605,"砼（200m) ","m3",{"v":117.6,"d":"117.60"}]
["1.9.53",null,"中迳互补支渠(1016m)"]
["1.9.53.1",500109001606,"人工砍伐灌木林 ","m2",{"v":1219.2,"d":"1219.20"}]
["1.9.53.2",500109001607,"渠道土方开挖 ","m3",868.68]
["1.9.53.3",500109001608,"渠道土方回填 ","m3",433.83,19.77,null,"控制单价"]
["1.9.53.4",500109001609,"C20砼底板 ","m3",145.59]
["1.9.53.5",500109001610,"砂砾石垫层 ","m3",121.21]
["1.9.53.6",500109001611,"C20砼边墙 ","m3",337.72,402.35,null,"控制单价"]
["1.9.53.7",500109001612,"渠道模板 ","m2",2316.48,56.73,null,"控制单价"]
["1.9.53.8",500109001613,"沥青杉板伸缩缝 ","m",96.66]
["1.9.53.9",500109001614,"截水槽 ","座",{"v":17,"d":"17.00"}]
["1.9.54",null,"人工二次运输(200m)",""]
["1.9.54.1",500109001615,"砂砾石（200m) ","m3",121.21]
["1.9.54.2",500109001616,"砼（200m) ","m3",483.31]
["1.9.55",null,"人行桥板(1座)"]
["1.9.55.1",500109001617,"C20砼桥板","m3",0.23]
["1.9.55.2",500109001618,"钢筋制安 ","t",0.02]
["1.9.55.3",500109001619,"模板制安 ","m2",2.25,48.78,null,"控制单价"]
["1.9.56",null,"洗衣台(2座)"]
["1.9.56.1",500109001620,"洗衣台C20砼","m3",2.71]
["1.9.56.2",500109001621,"模板制安 ","m2",9.84,48.78,null,"控制单价"]
["1.9.57",null,"柏坑村委支渠(731m)"]
["1.9.57.1",500109001622,"人工砍伐灌木林 ","m2",{"v":731,"d":"731.00"}]
["1.9.57.2",500109001623,"渠道土方开挖 ","m3",491.23]
["1.9.57.3",500109001624,"渠道土方回填 ","m3",254.39,19.77,null,"控制单价"]
["1.9.57.4",500109001625,"C20砼底板 ","m3",29.24]
["1.9.57.5",500109001626,"砂砾石垫层 ","m3",46.78]
["1.9.57.6",500109001627,"C20砼边墙 ","m3",87.72,402.35,null,"控制单价"]
["1.9.57.7",500109001628,"渠道钢模板 ","m2",{"v":1315.8,"d":"1315.80"},34.99,null,"控制单价"]
["1.9.57.8",500109001629,"沥青杉板伸缩缝 ","m",204.68]
["1.9.57.9",500109001630,"截水槽 ","座",{"v":12,"d":"12.00"}]
["1.9.58",null,"人工二次运输(150m)",""]
["1.9.58.1",500109001631,"砂砾石（150m) ","m3",46.78]
["1.9.58.2",500109001632,"砼（150m) ","m3",116.96]
["1.9.59",null,"人行桥板(1座)"]
["1.9.59.1",500109001633,"C20砼桥板","m3",0.23]
["1.9.59.2",500109001634,"钢筋制安 ","t",0.02]
["1.9.59.3",500109001635,"模板制安 ","m2",2.25,48.78,null,"控制单价"]
["1.9.60",null,"金山支渠(422m)"]
["1.9.60.1",500109001636,"人工砍伐灌木林 ","m2",{"v":422,"d":"422.00"}]
["1.9.60.2",500109001637,"渠道土方开挖 ","m3",360.81]
["1.9.60.3",500109001638,"土方回填 ","m3",180.19,19.77,null,"控制单价"]
["1.9.60.4",500109001639,"C20砼底板 ","m3",25.32]
["1.9.60.5",500109001640,"砂砾石垫层 ","m3",35.45]
["1.9.60.6",500109001641,"C20砼边墙 ","m3",60.77,402.35,null,"控制单价"]
["1.9.60.7",500109001642,"渠道钢模板 ","m2",{"v":928.4,"d":"928.40"},34.99,null,"控制单价"]
["1.9.60.8",500109001643,"沥青杉板伸缩缝 ","m2",151.92]
["1.9.60.9",500109001644,"截水槽 ","座",{"v":7,"d":"7.00"}]
["1.9.61",null,"人工二次运输(100m)",""]
["1.9.61.1",500109001645,"砂砾石（100m) ","m3",35.45]
["1.9.61.2",500109001646,"砼（100m) ","m3",86.09]
["1.9.62",null,"凤江围下陂主渠(2248m)"]
["1.9.62.1",500109001647,"人工砍伐灌木林 ","m2",{"v":3147.2,"d":"3147.20"}]
["1.9.62.2",500109001648,"渠道土方开挖 ","m3",911.91]
["1.9.62.3",500109001649,"土方回填 ","m3",{"v":2192,"d":"2192.00"},19.77,null,"控制单价"]
["1.9.62.4",500109001650,"拆除砼 ","m3",127.96]
["1.9.62.5",500109001651,"拆除浆砌石 ","m3",{"v":95.5,"d":"95.50"}]
["1.9.62.6",500109001652,"C20砼底板 ","m3",389.35]
["1.9.62.7",500109001653,"砂砾石垫层 ","m3",336.75]
["1.9.62.8",500109001654,"C20砼边墙 ","m3",1122.65,402.35,null,"控制单价"]
["1.9.62.9",500109001655,"渠道模板 ","m2",{"v":6069.6,"d":"6069.60"},56.73,null,"控制单价"]
["1.9.62.10",500109001656,"沥青杉板伸缩缝 ","m2",{"v":302.4,"d":"302.40"}]
["1.9.62.11",500109001657,"截水槽 ","座",{"v":15,"d":"15.00"}]
["1.9.62.12",500109001658,"Φ1000圆涵","m",{"v":4,"d":"4.00"}]
["1.9.63",null,"人工二次运输(200m)",""]
["1.9.63.1",500109001659,"砂砾石（200m) ","m3",336.75]
["1.9.63.2",500109001660,"砼（200m) ","m3",{"v":1512,"d":"1512.00"}]
["1.9.64",null,"人行桥板(2座)"]
["1.9.64.1",500109001661,"C20砼桥板","m3",0.45]
["1.9.64.2",500109001662,"钢筋制安 ","t",0.04]
["1.9.64.3",500109001663,"模板制安 ","m2",{"v":4.5,"d":"4.50"},48.78,null,"控制单价"]
["1.9.65",null,"洗衣台(2座)"]
["1.9.65.1",500109001664,"洗衣台C20砼","m3",2.71]
["1.9.65.2",500109001665,"模板制安 ","m2",9.84,48.78,null,"控制单价"]
["1.9.66",null,"凤江疸狸岗主渠(2240)"]
["1.9.66.1",500109001666,"人工砍伐灌木林 ","m2",{"v":2240,"d":"2240.00"}]
["1.9.66.2",500109001667,"渠道土方开挖","m3",{"v":1915.2,"d":"1915.20"}]
["1.9.66.3",500109001668,"土方回填 ","m3",956.48,19.77,null,"控制单价"]
["1.9.66.4",500109001669,"C20砼底板 ","m3",253.79]
["1.9.66.5",500109001670,"砂砾石垫层 ","m3",222.43]
["1.9.66.6",500109001671,"C20砼边墙 ","m3",744.58,402.35,null,"控制单价"]
["1.9.66.7",500109001672,"渠道模板 ","m2",{"v":5107.2,"d":"5107.20"},56.73,null,"控制单价"]
["1.9.66.8",500109001673,"沥青杉板伸缩缝 ","m2",199.67]
["1.9.66.9",500109001674,"截水槽 ","座",{"v":37,"d":"37.00"}]
["1.9.66.10",500109001675,"Φ800圆涵","m",{"v":4,"d":"4.00"}]
["1.9.67",null,"人工二次运输(150m)",""]
["1.9.67.1",500109001676,"砂砾石（150m) ","m3",222.43]
["1.9.67.2",500109001677,"砼（150m) ","m3",1028.37]
["1.9.68",null,"人行桥板(2座)"]
["1.9.68.1",500109001678,"C20砼桥板","m3",0.45]
["1.9.68.2",500109001679,"钢筋制安 ","t",0.04]
["1.9.68.3",500109001680,"模板制安 ","m2",{"v":4.5,"d":"4.50"},48.78,null,"控制单价"]
["1.9.69",null,"洗衣台(2座)"]
["1.9.69.1",500109001681,"洗衣台C20砼","m3",2.71]
["1.9.69.2",500109001682,"模板制安 ","m2",9.84,48.78,null,"控制单价"]
["1.10",null,"1-9#提灌站工程",""]
["1.10.1",null,"1-9#提灌站进水池",""]
["1.10.1.1",500109001683,"一般土方开挖","m3",1021.51]
["1.10.1.2",500109001684,"土方填筑","m3",708.78]
["1.10.1.3",500109001685,"普通模板","m2",897.36,89.06,null,"控制单价"]
["1.10.1.4",500109001686,"C15砼进水池","m3",714.06]
["1.10.1.5",500109001687,"拦污栅","t",0.96]
["1.10.2",null,"1-9#提灌站出水池",""]
["1.10.2.1",500109001688,"一般土方开挖 ","m3",132.33]
["1.10.2.2",500109001689,"土方填筑 ","m3",59.32]
["1.10.2.3",500109001690,"C20砼底板","m3",{"v":5.4,"d":"5.40"}]
["1.10.2.4",500109001691,"梁板标准钢模板安装","m2",168.48,42.88,null,"控制单价"]
["1.10.2.5",500109001692,"C20砼边墙","m3",25.27,451.07,null,"控制单价"]
["1.10.3",null,"1-9#提灌站泵房",""]
["1.10.3.1",500109001693,"一般土方开挖 ","m3",1360.02]
["1.10.3.2",500109001694,"土方填筑 ","m3",34.45]
["1.10.3.3",500109001695,"M7.5浆砌块石基础","m3",359.87]
["1.10.3.4",500109001696,"C20砼地面","m3",{"v":54.2,"d":"54.20"}]
["1.10.3.5",500109001697,"圈梁及屋面梁板现浇C20砼）","m3",119.89]
["1.10.3.6",500109001698,"普通模板 ","m2",931.68,89.06,null,"控制单价"]
["1.10.3.7",500109001699,"钢筋制安 ","t",12.83]
["1.10.3.8",500109001700,"红砖墙","m3",189.66]
["1.10.3.9",500109001701,"大门","m3",19.44]
["1.10.3.10",500109001702,"窗子","m3",{"v":81,"d":"81.00"}]
["1.10.3.11",500109001703," 外墙砂浆抹面","m2",{"v":982.8,"d":"982.80"}]
["1.10.3.12",500109001704,"内墙砂浆抹面 ","m2",814.97]
["1.10.3.13",500109001705,"屋盖砂浆抹顶","m2",{"v":576,"d":"576.00"}]
["1.10.3.14",500109001706,"屋盖砂浆抹楼面","m2",{"v":576,"d":"576.00"}]
["1.10.3.15",500109001707,"脚手架","m2",{"v":576,"d":"576.00"}]
["1.10.3.16",500109001708,"C20砼机墩","m3",11.52]
["1.10.3.17",500109001709,"C15砼挡墙","m3",78.57]
["1.10.4",null,"1-9#提灌站出水管",""]
["1.10.4.1",500109001710,"一般土方开挖 ","m3",{"v":1388.8,"d":"1388.80"}]
["1.10.4.2",500109001711,"土方填筑 ","m3",{"v":1388.8,"d":"1388.80"}]
["1.10.4.3",500109001712,"C15砼镇墩及支墩","m3",{"v":22,"d":"22.00"}]
["1.10.4.4",500109001713,"梁板标准钢模板安装 ","m2",{"v":132,"d":"132.00"},42.88,null,"控制单价"]
[2,null,"第二部分  中迳水库加固工程"]
[2.1,null,"大坝工程"]
["2.1.1",null,"大坝除险加固"]
["2.1.1.1",500109001714,"土方开挖（运距0.5km）","m3",{"v":1293,"d":"1293.00"}]
["2.1.1.2",500109001715,"石方开挖（运距1km）","m3",{"v":23,"d":"23.00"}]
["2.1.1.3",500109001716,"干砌石护坡拆除（运距0.2km）","m3",{"v":810,"d":"810.00"}]
["2.1.1.4",500109001717,"抛石固脚（利用料）","m3",{"v":350,"d":"350.00"}]
["2.1.1.5",500109001718,"干砌石排水棱体拆除（运距1km）","m3",1767.48]
["2.1.1.6",500109001719,"C15砼预制块护坡（厚10cm）","m3",{"v":369.6,"d":"369.60"}]
["2.1.1.7",500109001720,"M7.5浆砌石排水沟","m3",{"v":80,"d":"80.00"}]
["2.1.1.8",500109001721,"砂砾石混合料垫层","m3",{"v":369.6,"d":"369.60"}]
["2.1.1.9",500109001722,"草皮护坡","m2",{"v":2962,"d":"2962.00"}]
["2.1.1.10",500109001723,"大坝土方填筑","m3",{"v":5376,"d":"5376.00"}]
["2.1.1.11",500109001724,"C15固脚","m3",{"v":64,"d":"64.00"}]
["2.1.1.12",500109001725,"标准模板安装","m2",{"v":177.6,"d":"177.60"},48.44,null,"控制单价"]
["2.1.1.13",500109001726,"C15砼压顶","m3",{"v":24,"d":"24.00"}]
["2.1.1.14",500109001727,"C15砼台阶","m3",{"v":114,"d":"114.00"}]
["2.1.1.15",500109001728,"浆砌石排水沟拆除","m3",{"v":80.4,"d":"80.40"}]
["2.1.1.16",500109001729,"坝顶C20混凝土路面（20cm)","m2",{"v":360,"d":"360.00"}]
["2.1.1.17",500109001730,"坝顶公路水稳层（15cm)","m2",{"v":360,"d":"360.00"}]
["2.1.1.18",500109001731,"坝顶公路砂砾石垫层（15cm)","m2",{"v":360,"d":"360.00"}]
["2.1.1.19",500109001732,"下游干砌石排水棱体","m3",{"v":2472,"d":"2472.00"}]
["2.1.1.20",500109001733,"排水棱体反滤层铺筑","m3",{"v":400,"d":"400.00"}]
["2.1.1.21",500109001734,"C15坝脚排水沟砼","m2",{"v":32,"d":"32.00"}]
["2.1.1.22",500109001735,"钻机钻土坝土层","m",{"v":1200,"d":"1200.00"}]
["2.1.1.23",500109001736,"钻机钻岩石层","m",593.75]
["2.1.1.24",500109001737,"高喷灌浆","m",771.88]
["2.1.1.25",500109001738,"冲抓套井回填粘土","m",{"v":2700,"d":"2700.00"},{"v":130,"d":"130.00"}]
["2.1.2",null,"溢洪道加固"]
["2.1.2.1",500109001739,"土方开挖","m3",{"v":780,"d":"780.00"}]
["2.1.2.2",500109001740,"石方开挖","m3",{"v":450,"d":"450.00"}]
["2.1.2.3",500109001741,"浆砌石拆除","m3",{"v":320,"d":"320.00"}]
["2.1.2.4",500109001742,"陡槽C20砼底板（厚30cm）","m3",{"v":356.4,"d":"356.40"}]
["2.1.2.5",500109001743,"标准模板安装","m2",{"v":980,"d":"980.00"},48.44,null,"控制单价"]
["2.1.2.6",500109001744,"钢筋制安","t",{"v":17.1,"d":"17.10"}]
["2.1.2.7",500109001745,"C20砼消力池底板","m3",{"v":48,"d":"48.00"}]
["2.1.2.8",500109001746,"C20砼挡墙","m3",{"v":445,"d":"445.00"}]
["2.1.2.9",500109001747,"C10砼垫层","m3",{"v":80.4,"d":"80.40"}]
["2.1.2.10",500109001748,"280g/m2土工布","m2",{"v":64,"d":"64.00"}]
["2.1.2.11",500109001749,"D75UPVC排水管","m",{"v":297,"d":"297.00"}]
["2.1.2.12",500109001750,"沥青杉板伸缩缝","m2",225.12]
["2.1.2.13",500109001751,"651止水橡皮","m",{"v":225,"d":"225.00"}]
["2.1.2.14",500109001752,"C30砼交通桥","m3",{"v":27,"d":"27.00"}]
["2.1.2.15",500109001753,"交通桥模板","m2",{"v":180,"d":"180.00"},{"v":45,"d":"45.00"},null,"控制单价"]
["2.1.2.16",500109001754,"交通桥钢筋制安","t",{"v":4.2,"d":"4.20"}]
["2.1.2.17",500109001755,"C20预制砼栏杆","m",{"v":22,"d":"22.00"}]
["2.1.2.18",500109001756,"C25砼桥面磨损层","m2",{"v":28,"d":"28.00"}]
["2.1.2.19",500109001757,"桥面砼栏杆","m",{"v":22,"d":"22.00"}]
["2.1.2.20",500109001758,"C25砼桥面磨损层","m2",{"v":28,"d":"28.00"}]
["2.1.2.21",500109001759,"桥面砼栏杆","m",{"v":22,"d":"22.00"}]
["2.1.2.22",500109001760,"干砌石海漫（厚40cm）","m3",{"v":32,"d":"32.00"}]
["2.1.2.23",500109001761,"M7.5浆砌石渠道衬护","m3",{"v":48,"d":"48.00"}]
["2.1.2.24",500109001762,"垫层碎石","m3",{"v":16,"d":"16.00"}]
[2.2,null,"隧洞加固工程"]
["2.2.1",null,"洞身"]
["2.2.1.1",500109001763,"土方开挖","m3",{"v":157.5,"d":"157.50"}]
["2.2.1.2",500109001764,"土方回填","m3",78.75,10.05,null,"控制单价"]
["2.2.1.3",500109001765,"淤泥开挖","m3",{"v":55,"d":"55.00"}]
["2.2.1.4",500109001766,"洞脸石方开挖","m3",{"v":95,"d":"95.00"}]
["2.2.1.5",500109001767,"隧洞石方开挖","m3",{"v":459,"d":"459.00"}]
["2.2.1.6",500109001768,"隧洞C20砼衬砌","m3",169.07]
["2.2.1.7",500109001769,"隧洞模板安装","m2",929.89,96.14,null,"控制单价"]
["2.2.1.8",500109001770,"隧洞支撑"," m",{"v":156,"d":"156.00"}]
["2.2.1.9",500109001771,"隧洞钢筋制安","t",{"v":24.1,"d":"24.10"}]
["2.2.1.10",500109001772,"隧洞回填灌浆","m2",271.15]
["2.2.1.11",500109001773,"651止水橡皮","m",164.43]
["2.2.2",null,"新建斜函及出口消力池"]
["2.2.2.1",500109001774,"土方开挖","m3",{"v":157.5,"d":"157.50"}]
["2.2.2.2",500109001775,"土方回填","m3",78.75,10.05,null,"控制单价"]
["2.2.2.3",500109001776,"新建斜函C20砼","m3",61.02]
["2.2.2.4",500109001777,"消力井C20砼","m3",24.48]
["2.2.2.5",500109001778,"钢筋制安","t",5.53]
["2.2.2.6",500109001779,"400拍门","套",{"v":52,"d":"52.00"}]
["2.2.2.7",500109001780,"550放空拍门","套",{"v":2,"d":"2.00"}]
["2.2.2.8",500109001781,"出口消力池C20砼","m3",6.75]
["2.2.2.9",500109001782,"标准模板安装","m2",{"v":390,"d":"390.00"},48.44,null,"控制单价"]
["2.2.2.10",500109001783,"C10垫层","m3",7.14]
["2.2.2.11",500109001784,"沥青杉板伸缩缝","m2",{"v":29.6,"d":"29.60"}]
["2.2.2.12",500109001785,"651止水橡皮","m",{"v":29.6,"d":"29.60"}]
[2.3,null,"坝下工程"]
["2.3.1",null,"涵管加固"]
["2.3.1.1",500109001786,"C20砼封堵","m3",{"v":8,"d":"8.00"}]
["2.3.1.2",500109001787,"钻机钻孔（土层）","m",{"v":45,"d":"45.00"}]
["2.3.1.3",500109001788,"回填灌水泥浆","m",{"v":86,"d":"86.00"}]
["2.3.1.4",500109001789,"回填灌粗砂","m3",{"v":4,"d":"4.00"}]
["2.3.1.5",500109001790,"斜卧管拆除","m3",{"v":26,"d":"26.00"}]
["2.3.1.6",500109001791,"堵头模板","m2",{"v":26.4,"d":"26.40"},73.82,null,"控制单价"]
["2.3.1.7",500109001792,"1:2水泥砂浆封堵","m3",14.23]
["2.3.1.8",500109001793,"土方开挖","m3",{"v":154,"d":"154.00"}]
["2.3.1.9",500109001794,"大坝涵管部位土方（掺水泥10%）填筑","m3",{"v":154,"d":"154.00"}]
[2.4,null,"永久交通工程"]
["2.4.1",null,"上坝公路0.28km"]
["2.4.1.1",500109001795,"土方开挖","m3",{"v":831,"d":"831.00"}]
["2.4.1.2",500109001796,"石方开挖","m3",{"v":1492,"d":"1492.00"}]
["2.4.1.3",500109001797,"土方回填","m3",{"v":280,"d":"280.00"},32.31,null,"控制单价"]
["2.4.1.4",500109001798,"5%水泥砂砾基层（15cm)","m2",{"v":1330,"d":"1330.00"}]
["2.4.1.5",500109001799,"C20砼路面浇筑（15cm)","m2",{"v":1260,"d":"1260.00"}]
["2.4.1.6",500109001800,"公路砂砾石垫层（15cm)","m2",{"v":1400,"d":"1400.00"}]
["2.4.2",null,"进库公路0.9km"]
["2.4.2.1",500109001801,"土方开挖","m3",{"v":987,"d":"987.00"}]
["2.4.2.2",500109001802,"土方回填","m3",{"v":620,"d":"620.00"},32.31,null,"控制单价"]
["2.4.2.3",500109001803,"推土机压实路基","m2",{"v":4500,"d":"4500.00"}]
["2.4.2.4",500109001804,"5%水泥砂砾基层（15cm)","m2",{"v":4275,"d":"4275.00"}]
["2.4.2.5",500109001805,"C20砼路面浇筑（15cm)","m2",{"v":4050,"d":"4050.00"}]
["2.4.2.6",500109001806,"公路砂砾石垫层（15cm)","m2",{"v":4500,"d":"4500.00"}]
[2.5,null,"其他建筑工程"]
["2.5.1",null,"观测工程"]
["2.5.1.1",500109001807,"内外部观测","项",{"v":1,"d":"1.00"},{"v":25000,"d":"25000.00"},{"v":25000,"d":"25000.00"},"固定报价",null,"?"]
["2.5.1.2",500109001808,"水位标尺","个",{"v":1,"d":"1.00"},{"v":2000,"d":"2000.00"},{"v":2000,"d":"2000.00"},"固定报价",null,"?"]
[2.6,null,"房屋建筑工程",""]
["2.6.1",null,"房屋建筑"]
["2.6.1.1",500109001809,"机械平整场地","m2",{"v":218.5,"d":"218.50"}]
["2.6.1.2",500109001810,"人工挖沟一、二类土深2m内","m3",{"v":235.2,"d":"235.20"}]
["2.6.1.3",500109001811,"浆砌毛石基础","m3",{"v":132.3,"d":"132.30"}]
["2.6.1.4",500109001812,"砖基础(砖砌条形基础)","m3",7.25]
["2.6.1.5",500109001813,"回填土方夯实","m3",86.83]
["2.6.1.6",500109001814,"圆立柱基础模板","m2",2.88,44.17,null,"控制单价"]
["2.6.1.7",500109001815,"圆立柱Ф20螺纹钢筋以内 ","t",0.04]
["2.6.1.8",500109001816,"圆立柱基础C20砼","m3",0.86]
["2.6.1.9",500109001817,"地圈梁模板","m2",{"v":58.8,"d":"58.80"},48.78,null,"控制单价"]
["2.6.1.10",500109001818,"Ф10钢筋以内 ","t",0.12]
["2.6.1.11",500109001819,"Ф20螺纹钢筋以内 ","t",0.35]
["2.6.1.12",500109001820,"地圈梁C25砼","m3",8.82]
["2.6.1.13",500109001821,"屋圈梁模板","m2",{"v":117.6,"d":"117.60"},48.78,null,"控制单价"]
["2.6.1.14",500109001822,"Ф10钢筋以内 ","t",0.25]
["2.6.1.15",500109001823,"Ф20螺纹钢筋以内 ","t",{"v":0.7,"d":"0.70"}]
["2.6.1.16",500109001824,"屋圈梁C25砼 ","m3",17.64]
["2.6.1.17",500109001825,"楼层有梁板模板","m2",349.26,89.06,null,"控制单价"]
["2.6.1.18",500109001826,"Ф10钢筋以内 ","t",1.73]
["2.6.1.19",500109001827,"Ф25螺纹钢筋以内 ","t",0.63]
["2.6.1.20",500109001828,"楼层有梁板C25砼 ","m3",17.85]
["2.6.1.21",500109001829,"单面清水砖墙 1砖","m3",150.41]
["2.6.1.22",500109001830,"木窗","樘",{"v":19,"d":"19.00"}]
["2.6.1.23",500109001831,"M1木门","m2",33.81]
["2.6.1.24",500109001832,"满堂脚手架 ","m2",{"v":220,"d":"220.00"}]
["2.6.1.25",500109001833,"水泥砂浆抹面 ","m2",2466.61]
["2.6.1.26",500109001834,"现浇构造柱木模板(木撑)","m2",81.31,48.78,null,"控制单价"]
["2.6.1.27",500109001835,"Ф10钢筋以内 ","t",0.09]
["2.6.1.28",500109001836,"Ф20螺纹钢筋以内 ","t",0.69]
["2.6.1.29",500109001837,"立柱C20砼 ","m3",5.67]
["2.6.1.30",500109001838,"砂砾垫层 ","m3",18.03]
["2.6.1.31",500109001839,"PVC落水管Ф75","m",{"v":30,"d":"30.00"}]
["2.6.1.32",500109001840,"楼梯模板","m2",{"v":31.2,"d":"31.20"},48.78,null,"控制单价"]
[3,null,"第三部分  设备购置及安装工程"]
[3.1,null,"机电设备安装工程",""]
["3.1.1",null,"泵房设备",""]
["3.1.1.1",500109001841,"水泵IS100-80-160","台",{"v":4,"d":"4.00"},{"v":14544.6,"d":"14544.60"},58178.4,"固定报价"]
["3.1.1.2",500109001842,"配套160M-2/15KW","台",{"v":4,"d":"4.00"},12259.96,49039.84,"固定报价"]
["3.1.1.3",500109001843,"水泵IS100-80-125","台",{"v":5,"d":"5.00"},{"v":12364.6,"d":"12364.60"},61823,"固定报价"]
["3.1.1.4",500109001844,"配套电机160M-2/11KW","台",{"v":5,"d":"5.00"},11939.96,59699.8,"固定报价"]
["3.1.1.5",500109001845,"变压器S11-30/10，10±5%/0.4kV ","台",{"v":7,"d":"7.00"},21908.04,153356.28,"固定报价"]
["3.1.1.6",500109001846,"配电柜GGD1-35（改）","台",{"v":9,"d":"9.00"},{"v":15400,"d":"15400.00"},138600,"固定报价"]
["3.1.1.7",500109001847,"动力箱XLK-21","台",{"v":9,"d":"9.00"},748.39,6735.51,"固定报价"]
["3.1.1.8",500109001848,"轴流风机T35-11 0.55KW 1450r/m","台",{"v":9,"d":"9.00"},1847.25,16625.25,"固定报价"]
["3.1.1.9",500109001849,"空调机","台",{"v":9,"d":"9.00"},{"v":3305.1,"d":"3305.10"},29745.9,"固定报价"]
["3.1.1.10",500109001850,"手提式干粉灭火器MF/ABC3","台",{"v":18,"d":"18.00"},{"v":150,"d":"150.00"},2700,"固定报价"]
["3.1.1.11",500109001851,"隔离开关GW9-10/600","组",{"v":7,"d":"7.00"},{"v":380,"d":"380.00"},2660,"固定报价"]
["3.1.1.12",500109001852,"避雷器Y5W5-12.7/45","只",{"v":21,"d":"21.00"},682.07,14323.47,"固定报价"]
["3.1.1.13",500109001853,"计量箱JLS-10（0.2级）","只",{"v":9,"d":"9.00"},431.79,3886.11,"固定报价"]
["3.1.1.14",500109001854,"跌落式熔断器RW5-10（G）/50A，In=20A","只",{"v":21,"d":"21.00"},{"v":712.9,"d":"712.90"},14970.9,"固定报价"]
["3.1.1.15",500109001855,"照明设备（含灯具、导线、插座、开关","套",{"v":9,"d":"9.00"},154.93,1394.37,"固定报价"]
["3.1.1.16",500109001856,"YJV22-1-3× 25+1× 16","m",{"v":450,"d":"450.00"},90.77,40846.5,"固定报价"]
["3.1.1.17",500109001857,"ZR-VV22-1（截面：25）","m",{"v":450,"d":"450.00"},61.77,27796.5,"固定报价"]
["3.1.1.18",500109001858,"电缆桥架XQJ","t",{"v":4.5,"d":"4.50"},33854.24,152344.08,"固定报价"]
["3.1.1.19",500109001859,"接地扁钢40× 4","t",{"v":4.5,"d":"4.50"},32854.24,147844.08,"固定报价"]
["3.1.1.20",500109001860,"架空绝缘导线JKLYJ-25","km",{"v":0.7,"d":"0.70"},2402.87,1682.009,"固定报价"]
["3.1.1.21",500109001861,"输电线路LGJ-25（10KV线路11m杆)","km",{"v":3.8,"d":"3.80"},94301.54,358345.852,"固定报价"]
["3.1.1.22",500109001862,"输电线路LGJ-25（380V线路9m杆)","km",{"v":0.5,"d":"0.50"},{"v":90633.9,"d":"90633.90"},45316.95,"固定报价"]
["3.1.1.23",500109001863,"YJV22-1-3× 25+1× 16","m",{"v":200,"d":"200.00"},90.77,18154,"固定报价"]
[4,null,"第四部分  金属结构设备及安装工程",""]
[4.1,null,"陈石西总干渠闸门",""]
["4.1.1",null,"控制闸",""]
["4.1.1.1",500109001864,"5T启闭机","台",{"v":1,"d":"1.00"},{"v":15311.7,"d":"15311.70"},15311.7,"固定报价"]
["4.1.1.2",500109001865,"钢板闸门3.3X1.3","t",0.53,9045.84,4794.2952,"固定报价"]
["4.1.2",null,"排洪闸",""]
["4.1.2.1",500109001866,"钢板闸门3.3X1.3","t",0.53,9045.84,4794.2952,"固定报价"]
["4.1.2.2",500109001867,"5T启闭机","台",{"v":1,"d":"1.00"},{"v":15311.7,"d":"15311.70"},15311.7,"固定报价"]
["4.1.3",null,"中迳互补灌区控制闸",""]
["4.1.3.1",500109001868,"钢板闸门3.3X1.3","t",0.41,9045.84,3708.7944,"固定报价"]
["4.1.3.2",500109001869,"5T启闭机","台",{"v":1,"d":"1.00"},{"v":15311.7,"d":"15311.70"},15311.7,"固定报价"]
["4.1.4",null,"大胜干渠控制闸",""]
["4.1.4.1",500109001870,"钢板闸门3.3X1.3","t",0.41,9045.84,3708.7944,"固定报价"]
["4.1.4.2",500109001871,"5T启闭机","台",{"v":1,"d":"1.00"},{"v":15311.7,"d":"15311.70"},15311.7,"固定报价"]
[4.2,null,"提灌站工程",""]
["4.2.1",null,"泵房工程",""]
["4.2.1.1",500109001872,"φ200mm止回阀","台",{"v":9,"d":"9.00"},1250.47,11254.23,"固定报价"]
["4.2.1.2",500109001873,"φ200mm闸阀","台",{"v":9,"d":"9.00"},1360.47,12244.23,"固定报价"]
["4.2.1.3",500109001874,"φ200伸缩节","台",{"v":9,"d":"9.00"},720.47,6484.23,"固定报价"]
["4.2.2",null,"进、出水管工程",""]
["4.2.2.1",500109001875,"φ200mm钢管","m",{"v":224,"d":"224.00"},305.38,68405.12,"固定报价"]
["4.2.2.2",500109001876,"拦污栅","t",{"v":3.4,"d":"3.40"},4432.15,15069.31,"固定报价"]
["4.2.2.3",500109001877,"机组安装预埋件","t",{"v":4.5,"d":"4.50"},6834.62,30755.79,"固定报价"]
["4.2.2.4",500109001878,"Φ200钢管90度弯头","只",{"v":18,"d":"18.00"},331.38,5964.84,"固定报价"]
["4.2.2.5",500109001879,"Φ200钢管45度弯头","只",{"v":7,"d":"7.00"},325.38,2277.66,"固定报价"]
["4.2.2.6",500109001880,"Φ200钢管30度弯头","只",{"v":1,"d":"1.00"},320.38,320.38,"固定报价"]
["4.2.2.7",500109001881,"Φ200钢管15度弯头","只",{"v":2,"d":"2.00"},318.38,636.76,"固定报价"]
["4.2.2.8",500109001882,"Φ100~Φ200渐变管","只",{"v":9,"d":"9.00"},318.38,2865.42,"固定报价"]
["4.2.2.9",500109001883,"Φ80~Φ200渐变管","m",{"v":9,"d":"9.00"},318.38,2865.42,"固定报价"]
["4.2.2.10",500109001884,"钢法兰","个",{"v":84,"d":"84.00"},292.82,24596.88,"固定报价"]
["4.2.2.11",500109001885,"φ200mmPE管","m",{"v":2506,"d":"2506.00"},521.79,1307605.74,"固定报价"]
["4.2.2.12",500109001886,"Φ200钢塑接头","只",{"v":7,"d":"7.00"},162.13,1134.91,"固定报价"]
["4.2.2.13",500109001887,"Φ200PE管45度弯头","只",{"v":3,"d":"3.00"},570.79,1712.37,"固定报价"]
["4.2.2.14",500109001888,"Φ200PE管30度弯头","只",{"v":1,"d":"1.00"},565.79,565.79,"固定报价"]
["4.2.2.15",500109001889,"Φ200PE管15度弯头","只",{"v":2,"d":"2.00"},560.79,1121.58,"固定报价"]
[5,null,"第五部分  施工临时工程"]
[5.1,null,"陈石干渠及中迳水库临时工程"]
["5.1.1",null,"临时设施费"]
["5.1.1.1",500109001890,"陈石干渠临时工程(报总价，发包人审批支付)","项",{"v":1,"d":"1.00"},{"v":100000,"d":"100000.00"},100000,"固定报价"]
["5.1.1.2",500109001891,"中迳水库加固临时工程(报总价，发包人审批支付)","项",{"v":1,"d":"1.00"},{"v":100000,"d":"100000.00"},100000,"固定报价"]